{"text_format":"3","workbook":"xlsx","n_sheets":9,"sheets":["扉-2 招标控制价扉页","表-04 单位工程招标控制价汇总表","表-08 分部分项工程和单价措施项目清单与计价表","表-11 总价措施项目清单与计价表","表-13 规费、税金项目清单与计价表","表-08 分部分项工程和单价措施项目清单与计价表1","蒙-5 未计价主材汇总表","蒙-8 分部分项工程量清单综合单价分析表（带子目）","蒙-11 单位工程人材机价差表"],"read":"whole","date_system":"1900"}

{"sheet":"扉-2 招标控制价扉页","index":0,"n_rows":16,"n_cols":8,"rows_kept":16,"merged":[[0,0,0,1],[0,2,0,6],[1,0,1,1],[1,2,1,6],[2,1,2,2],[2,3,2,7],[3,1,3,2],[3,3,3,7],[4,1,4,2],[4,6,4,7],[5,1,5,3],[5,6,5,7],[6,1,6,3],[6,6,6,7],[7,1,7,2],[7,6,7,7],[8,1,8,3],[8,6,8,7],[9,1,9,3],[9,6,9,7],[10,1,10,2],[10,6,10,7],[11,1,11,3],[11,6,11,7],[12,1,12,3],[12,6,12,7],[13,1,13,2],[13,6,13,7],[14,1,14,3],[14,6,14,7],[15,0,15,1],[15,2,15,6]]}
[null,null,"鄂尔多斯影剧院消防改造工程",{"$nulls":4},"工程"]
[null,null,"预算书"]
["预算价 ","（小写）：",null,"470181"]
[null,"（大写）：",null,"肆拾柒万零壹佰捌拾壹元整"]
[]
["招  标  人：",{"$nulls":4},"造价咨询人："]
[null,"(单位盖章)",{"$nulls":4},"(单位资质专用章)"]
[]
["法定代理人\n或其授权人：",{"$nulls":4},"法定代理人\n或其授权人："]
[null,"(签字或盖章)",{"$nulls":4},"(签字或盖章)"]
[]
["编  制  人：",{"$nulls":4},"复  核  人："]
[null,"(造价人员签字盖专用章)",{"$nulls":4},"(造价工程师签字盖专用章)"]
[]
["编 制 时 间：","    年   月   日",{"$nulls":3},"复 核 时 间：","    年   月   日"]
[{"$nulls":7},"扉—2"]

{"sheet":"表-04 单位工程招标控制价汇总表","index":1,"n_rows":37,"n_cols":6,"rows_kept":37,"merged":[[0,0,0,3],[0,4,0,5],[1,0,1,5],[2,0,2,1],[2,2,2,3],[2,4,2,5],[3,1,3,2],[3,3,3,4],[4,1,4,2],[4,3,4,4],[5,1,5,2],[5,3,5,4],[6,1,6,2],[6,3,6,4],[7,1,7,2],[7,3,7,4],[8,1,8,2],[8,3,8,4],[9,1,9,2],[9,3,9,4],[10,1,10,2],[10,3,10,4],[11,1,11,2],[11,3,11,4],[12,1,12,2],[12,3,12,4],[13,1,13,2],[13,3,13,4],[14,1,14,2],[14,3,14,4],[15,1,15,2],[15,3,15,4],[16,1,16,2],[16,3,16,4],[17,1,17,2],[17,3,17,4],[18,1,18,2],[18,3,18,4],[19,1,19,2],[19,3,19,4],[20,1,20,2],[20,3,20,4],[21,1,21,2],[21,3,21,4],[22,1,22,2],[22,3,22,4],[23,1,23,2],[23,3,23,4],[24,1,24,2],[24,3,24,4],[25,1,25,2],[25,3,25,4],[26,1,26,2],[26,3,26,4],[27,1,27,2],[27,3,27,4],[28,1,28,2],[28,3,28,4],[29,1,29,2],[29,3,29,4],[30,1,30,2],[30,3,30,4],[31,1,31,2],[31,3,31,4],[32,1,32,2],[32,3,32,4],[33,1,33,2],[33,3,33,4],[34,0,34,2],[34,3,34,4],[35,0,35,5],[36,0,36,1],[36,2,36,3],[36,4,36,5]]}
[]
["单位工程费汇总表"]
["工程名称：鄂尔多斯影剧院消防改造工程",null,"  标段：",null,"第  1  页  共  1  页"]
["序号","汇总内容",null,"金额(元)",null,"其中：暂估价（元）"]
["1","分部分项工程",null,"456030.82",null,"0"]
["2","措施项目",null,"9494.44"]
["2.1","  其中：安全文明施工费",null,3220.3]
["3","其他项目"]
["3.1","  其中：暂列金额"]
["3.2","  其中：专业工程暂估价"]
["3.3","  其中：计日工"]
["3.4","  其中：总承包服务费"]
["3.5","  其中：材料检验试验费"]
["4","规费"]
["5","税金",null,4655.25]
{"$rows_empty":19}
["预算价合计=1+2+3+4+5",null,null,"470,180.51",null,"0"]
["注：本表适用于单位工程招标控制价或投标报价的汇总，如无单位工程划分，单项工程也使用本表汇总"]
[{"$nulls":4},"表—04"]

{"sheet":"表-08 分部分项工程和单价措施项目清单与计价表","index":2,"n_rows":207,"n_cols":14,"rows_kept":207,"merged":[[0,0,0,10],[0,11,0,13],[1,0,1,13],[2,0,2,5],[2,6,2,10],[2,11,2,13],[3,0,5,0],[3,1,5,2],[3,3,5,4],[3,5,5,6],[3,7,5,7],[3,8,5,9],[3,10,3,13],[4,10,5,11],[4,12,5,12],[6,1,6,2],[6,3,6,4],[6,5,6,6],[6,8,6,9],[6,10,6,11],[7,1,7,2],[7,3,7,4],[7,5,7,6],[7,8,7,9],[7,10,7,11],[8,1,8,2],[8,3,8,4],[8,5,8,6],[8,8,8,9],[8,10,8,11],[9,1,9,2],[9,3,9,4],[9,5,9,6],[9,8,9,9],[9,10,9,11],[10,1,10,2],[10,3,10,4],[10,5,10,6],[10,8,10,9],[10,10,10,11],[11,1,11,2],[11,3,11,4],[11,5,11,6],[11,8,11,9],[11,10,11,11],[12,1,12,2],[12,3,12,4],[12,5,12,6],[12,8,12,9],[12,10,12,11],[13,1,13,2],[13,3,13,4],[13,5,13,6],[13,8,13,9],[13,10,13,11],[14,1,14,2],[14,3,14,4],[14,5,14,6],[14,8,14,9],[14,10,14,11],[15,1,15,2],[15,3,15,4],[15,5,15,6],[15,8,15,9],[15,10,15,11],[16,1,16,2],[16,3,16,4],[16,5,16,6],[16,8,16,9],[16,10,16,11],[17,1,17,2],[17,3,17,4],[17,5,17,6],[17,8,17,9],[17,10,17,11],[18,1,18,2],[18,3,18,4],[18,5,18,6],[18,8,18,9],[18,10,18,11],[19,1,19,2],[19,3,19,4],[19,5,19,6],[19,8,19,9],[19,10,19,11],[20,1,20,2],[20,3,20,4],[20,5,20,6],[20,8,20,9],[20,10,20,11],[21,1,21,2],[21,3,21,4],[21,5,21,6],[21,8,21,9],[21,10,21,11],[22,1,22,2],[22,3,22,4],[22,5,22,6],[22,8,22,9],[22,10,22,11],[23,1,23,2],[23,3,23,4],[23,5,23,6],[23,8,23,9],[23,10,23,11],[24,1,24,2],[24,3,24,4],[24,5,24,6],[24,8,24,9],[24,10,24,11],[25,1,25,2],[25,3,25,4],[25,5,25,6],[25,8,25,9],[25,10,25,11],[26,1,26,2],[26,3,26,4],[26,5,26,6],[26,8,26,9],[26,10,26,11],[27,1,27,2],[27,3,27,4],[27,5,27,6],[27,8,27,9],[27,10,27,11],[28,1,28,2],[28,3,28,4],[28,5,28,6],[28,8,28,9],[28,10,28,11],[29,1,29,2],[29,3,29,4],[29,5,29,6],[29,8,29,9],[29,10,29,11],[30,0,30,11],[31,0,31,13],[32,0,32,1],[32,2,32,3],[32,4,32,5],[32,6,32,8],[32,9,32,10],[32,11,32,13],[33,0,33,10],[33,11,33,13],[34,0,34,13],[35,0,35,5],[35,6,35,10],[35,11,35,13],[36,0,38,0],[36,1,38,2],[36,3,38,4],[36,5,38,6],[36,7,38,7],[36,8,38,9],[36,10,36,13],[37,10,38,11],[37,12,38,12],[39,1,39,2],[39,3,39,4],[39,5,39,6],[39,8,39,9],[39,10,39,11],[40,1,40,2],[40,3,40,4],[40,5,40,6],[40,8,40,9],[40,10,40,11],[41,1,41,2],[41,3,41,4],[41,5,41,6],[41,8,41,9],[41,10,41,11],[42,1,42,2],[42,3,42,4],[42,5,42,6],[42,8,42,9],[42,10,42,11],[43,1,43,2],[43,3,43,4],[43,5,43,6],[43,8,43,9],[43,10,43,11],[44,1,44,2],[44,3,44,4],[44,5,44,6],[44,8,44,9],[44,10,44,11],[45,1,45,2],[45,3,45,4],[45,5,45,6],[45,8,45,9],[45,10,45,11],[46,1,46,2],[46,3,46,4],[46,5,46,6],[46,8,46,9],[46,10,46,11],[47,1,47,2],[47,3,47,4],[47,5,47,6],[47,8,47,9],[47,10,47,11],[48,1,48,2],[48,3,48,4],[48,5,48,6],[48,8,48,9],[48,10,48,11],[49,1,49,2],[49,3,49,4],[49,5,49,6],[49,8,49,9],[49,10,49,11],[50,1,50,2],[50,3,50,4],[50,5,50,6],[50,8,50,9],[50,10,50,11],[51,1,51,2],[51,3,51,4],[51,5,51,6],[51,8,51,9],[51,10,51,11],[52,1,52,2],[52,3,52,4],[52,5,52,6],[52,8,52,9],[52,10,52,11],[53,1,53,2],[53,3,53,4],[53,5,53,6],[53,8,53,9],[53,10,53,11],[54,1,54,2],[54,3,54,4],[54,5,54,6],[54,8,54,9],[54,10,54,11],[55,0,55,11],[56,0,56,13],[57,0,57,1],[57,2,57,3],[57,4,57,5],[57,6,57,8],[57,9,57,10],[57,11,57,13],[58,0,58,10],[58,11,58,13],[59,0,59,13],[60,0,60,5],[60,6,60,10],[60,11,60,13],[61,0,63,0],[61,1,63,2],[61,3,63,4],[61,5,63,6],[61,7,63,7],[61,8,63,9],[61,10,61,13],[62,10,63,11],[62,12,63,12],[64,1,64,2],[64,3,64,4],[64,5,64,6],[64,8,64,9],[64,10,64,11],[65,1,65,2],[65,3,65,4],[65,5,65,6],[65,8,65,9],[65,10,65,11],[66,1,66,2],[66,3,66,4],[66,5,66,6],[66,8,66,9],[66,10,66,11],[67,1,67,2],[67,3,67,4],[67,5,67,6],[67,8,67,9],[67,10,67,11],[68,1,68,2],[68,3,68,4],[68,5,68,6],[68,8,68,9],[68,10,68,11],[69,1,69,2],[69,3,69,4],[69,5,69,6],[69,8,69,9],[69,10,69,11],[70,1,70,2],[70,3,70,4],[70,5,70,6],[70,8,70,9],[70,10,70,11],[71,1,71,2],[71,3,71,4],[71,5,71,6],[71,8,71,9],[71,10,71,11],[72,1,72,2],[72,3,72,4],[72,5,72,6],[72,8,72,9],[72,10,72,11],[73,1,73,2],[73,3,73,4],[73,5,73,6],[73,8,73,9],[73,10,73,11],[74,1,74,2],[74,3,74,4],[74,5,74,6],[74,8,74,9],[74,10,74,11],[75,1,75,2],[75,3,75,4],[75,5,75,6],[75,8,75,9],[75,10,75,11],[76,1,76,2],[76,3,76,4],[76,5,76,6],[76,8,76,9],[76,10,76,11],[77,1,77,2],[77,3,77,4],[77,5,77,6],[77,8,77,9],[77,10,77,11],[78,1,78,2],[78,3,78,4],[78,5,78,6],[78,8,78,9],[78,10,78,11],[79,1,79,2],[79,3,79,4],[79,5,79,6],[79,8,79,9],[79,10,79,11],[80,0,80,11],[81,0,81,13],[82,0,82,1],[82,2,82,3],[82,4,82,5],[82,6,82,8],[82,9,82,10],[82,11,82,13],[83,0,83,10],[83,11,83,13],[84,0,84,13],[85,0,85,5],[85,6,85,10],[85,11,85,13],[86,0,88,0],[86,1,88,2],[86,3,88,4],[86,5,88,6],[86,7,88,7],[86,8,88,9],[86,10,86,13],[87,10,88,11],[87,12,88,12],[89,1,89,2],[89,3,89,4],[89,5,89,6],[89,8,89,9],[89,10,89,11],[90,1,90,2],[90,3,90,4],[90,5,90,6],[90,8,90,9],[90,10,90,11],[91,1,91,2],[91,3,91,4],[91,5,91,6],[91,8,91,9],[91,10,91,11],[92,1,92,2],[92,3,92,4],[92,5,92,6],[92,8,92,9],[92,10,92,11],[93,1,93,2],[93,3,93,4],[93,5,93,6],[93,8,93,9],[93,10,93,11],[94,1,94,2],[94,3,94,4],[94,5,94,6],[94,8,94,9],[94,10,94,11],[95,1,95,2],[95,3,95,4],[95,5,95,6],[95,8,95,9],[95,10,95,11],[96,1,96,2],[96,3,96,4],[96,5,96,6],[96,8,96,9],[96,10,96,11],[97,1,97,2],[97,3,97,4],[97,5,97,6],[97,8,97,9],[97,10,97,11],[98,1,98,2],[98,3,98,4],[98,5,98,6],[98,8,98,9],[98,10,98,11],[99,1,99,2],[99,3,99,4],[99,5,99,6],[99,8,99,9],[99,10,99,11],[100,1,100,2],[100,3,100,4],[100,5,100,6],[100,8,100,9],[100,10,100,11],[101,1,101,2],[101,3,101,4],[101,5,101,6],[101,8,101,9],[101,10,101,11],[102,1,102,2],[102,3,102,4],[102,5,102,6],[102,8,102,9],[102,10,102,11],[103,1,103,2],[103,3,103,4],[103,5,103,6],[103,8,103,9],[103,10,103,11],[104,1,104,2],[104,3,104,4],[104,5,104,6],[104,8,104,9],[104,10,104,11],[105,1,105,2],[105,3,105,4],[105,5,105,6],[105,8,105,9],[105,10,105,11],[106,1,106,2],[106,3,106,4],[106,5,106,6],[106,8,106,9],[106,10,106,11],[107,1,107,2],[107,3,107,4],[107,5,107,6],[107,8,107,9],[107,10,107,11],[108,0,108,11],[109,0,109,13],[110,0,110,1],[110,2,110,3],[110,4,110,5],[110,6,110,8],[110,9,110,10],[110,11,110,13],[111,0,111,10],[111,11,111,13],[112,0,112,13],[113,0,113,5],[113,6,113,10],[113,11,113,13],[114,0,116,0],[114,1,116,2],[114,3,116,4],[114,5,116,6],[114,7,116,7],[114,8,116,9],[114,10,114,13],[115,10,116,11],[115,12,116,12],[117,1,117,2],[117,3,117,4],[117,5,117,6],[117,8,117,9],[117,10,117,11],[118,1,118,2],[118,3,118,4],[118,5,118,6],[118,8,118,9],[118,10,118,11],[119,1,119,2],[119,3,119,4],[119,5,119,6],[119,8,119,9],[119,10,119,11],[120,1,120,2],[120,3,120,4],[120,5,120,6],[120,8,120,9],[120,10,120,11],[121,1,121,2],[121,3,121,4],[121,5,121,6],[121,8,121,9],[121,10,121,11],[122,1,122,2],[122,3,122,4],[122,5,122,6],[122,8,122,9],[122,10,122,11],[123,1,123,2],[123,3,123,4],[123,5,123,6],[123,8,123,9],[123,10,123,11],[124,1,124,2],[124,3,124,4],[124,5,124,6],[124,8,124,9],[124,10,124,11],[125,1,125,2],[125,3,125,4],[125,5,125,6],[125,8,125,9],[125,10,125,11],[126,1,126,2],[126,3,126,4],[126,5,126,6],[126,8,126,9],[126,10,126,11],[127,1,127,2],[127,3,127,4],[127,5,127,6],[127,8,127,9],[127,10,127,11],[128,1,128,2],[128,3,128,4],[128,5,128,6],[128,8,128,9],[128,10,128,11],[129,1,129,2],[129,3,129,4],[129,5,129,6],[129,8,129,9],[129,10,129,11],[130,1,130,2],[130,3,130,4],[130,5,130,6],[130,8,130,9],[130,10,130,11],[131,1,131,2],[131,3,131,4],[131,5,131,6],[131,8,131,9],[131,10,131,11],[132,0,132,11],[133,0,133,13],[134,0,134,1],[134,2,134,3],[134,4,134,5],[134,6,134,8],[134,9,134,10],[134,11,134,13],[135,0,135,10],[135,11,135,13],[136,0,136,13],[137,0,137,5],[137,6,137,10],[137,11,137,13],[138,0,140,0],[138,1,140,2],[138,3,140,4],[138,5,140,6],[138,7,140,7],[138,8,140,9],[138,10,138,13],[139,10,140,11],[139,12,140,12],[141,1,141,2],[141,3,141,4],[141,5,141,6],[141,8,141,9],[141,10,141,11],[142,1,142,2],[142,3,142,4],[142,5,142,6],[142,8,142,9],[142,10,142,11],[143,1,143,2],[143,3,143,4],[143,5,143,6],[143,8,143,9],[143,10,143,11],[144,1,144,2],[144,3,144,4],[144,5,144,6],[144,8,144,9],[144,10,144,11],[145,1,145,2],[145,3,145,4],[145,5,145,6],[145,8,145,9],[145,10,145,11],[146,1,146,2],[146,3,146,4],[146,5,146,6],[146,8,146,9],[146,10,146,11],[147,1,147,2],[147,3,147,4],[147,5,147,6],[147,8,147,9],[147,10,147,11],[148,1,148,2],[148,3,148,4],[148,5,148,6],[148,8,148,9],[148,10,148,11],[149,1,149,2],[149,3,149,4],[149,5,149,6],[149,8,149,9],[149,10,149,11],[150,1,150,2],[150,3,150,4],[150,5,150,6],[150,8,150,9],[150,10,150,11],[151,1,151,2],[151,3,151,4],[151,5,151,6],[151,8,151,9],[151,10,151,11],[152,1,152,2],[152,3,152,4],[152,5,152,6],[152,8,152,9],[152,10,152,11],[153,1,153,2],[153,3,153,4],[153,5,153,6],[153,8,153,9],[153,10,153,11],[154,1,154,2],[154,3,154,4],[154,5,154,6],[154,8,154,9],[154,10,154,11],[155,1,155,2],[155,3,155,4],[155,5,155,6],[155,8,155,9],[155,10,155,11],[156,1,156,2],[156,3,156,4],[156,5,156,6],[156,8,156,9],[156,10,156,11],[157,1,157,2],[157,3,157,4],[157,5,157,6],[157,8,157,9],[157,10,157,11],[158,1,158,2],[158,3,158,4],[158,5,158,6],[158,8,158,9],[158,10,158,11],[159,1,159,2],[159,3,159,4],[159,5,159,6],[159,8,159,9],[159,10,159,11],[160,0,160,11],[161,0,161,13],[162,0,162,1],[162,2,162,3],[162,4,162,5],[162,6,162,8],[162,9,162,10],[162,11,162,13],[163,0,163,10],[163,11,163,13],[164,0,164,13],[165,0,165,5],[165,6,165,10],[165,11,165,13],[166,0,168,0],[166,1,168,2],[166,3,168,4],[166,5,168,6],[166,7,168,7],[166,8,168,9],[166,10,166,13],[167,10,168,11],[167,12,168,12],[169,1,169,2],[169,3,169,4],[169,5,169,6],[169,8,169,9],[169,10,169,11],[170,1,170,2],[170,3,170,4],[170,5,170,6],[170,8,170,9],[170,10,170,11],[171,1,171,2],[171,3,171,4],[171,5,171,6],[171,8,171,9],[171,10,171,11],[172,1,172,2],[172,3,172,4],[172,5,172,6],[172,8,172,9],[172,10,172,11],[173,1,173,2],[173,3,173,4],[173,5,173,6],[173,8,173,9],[173,10,173,11],[174,1,174,2],[174,3,174,4],[174,5,174,6],[174,8,174,9],[174,10,174,11],[175,1,175,2],[175,3,175,4],[175,5,175,6],[175,8,175,9],[175,10,175,11],[176,1,176,2],[176,3,176,4],[176,5,176,6],[176,8,176,9],[176,10,176,11],[177,1,177,2],[177,3,177,4],[177,5,177,6],[177,8,177,9],[177,10,177,11],[178,1,178,2],[178,3,178,4],[178,5,178,6],[178,8,178,9],[178,10,178,11],[179,1,179,2],[179,3,179,4],[179,5,179,6],[179,8,179,9],[179,10,179,11],[180,1,180,2],[180,3,180,4],[180,5,180,6],[180,8,180,9],[180,10,180,11],[181,1,181,2],[181,3,181,4],[181,5,181,6],[181,8,181,9],[181,10,181,11],[182,1,182,2],[182,3,182,4],[182,5,182,6],[182,8,182,9],[182,10,182,11],[183,1,183,2],[183,3,183,4],[183,5,183,6],[183,8,183,9],[183,10,183,11],[184,1,184,2],[184,3,184,4],[184,5,184,6],[184,8,184,9],[184,10,184,11],[185,1,185,2],[185,3,185,4],[185,5,185,6],[185,8,185,9],[185,10,185,11],[186,1,186,2],[186,3,186,4],[186,5,186,6],[186,8,186,9],[186,10,186,11],[187,1,187,2],[187,3,187,4],[187,5,187,6],[187,8,187,9],[187,10,187,11],[188,1,188,2],[188,3,188,4],[188,5,188,6],[188,8,188,9],[188,10,188,11],[189,1,189,2],[189,3,189,4],[189,5,189,6],[189,8,189,9],[189,10,189,11],[190,1,190,2],[190,3,190,4],[190,5,190,6],[190,8,190,9],[190,10,190,11],[191,1,191,2],[191,3,191,4],[191,5,191,6],[191,8,191,9],[191,10,191,11],[192,1,192,2],[192,3,192,4],[192,5,192,6],[192,8,192,9],[192,10,192,11],[193,1,193,2],[193,3,193,4],[193,5,193,6],[193,8,193,9],[193,10,193,11],[194,1,194,2],[194,3,194,4],[194,5,194,6],[194,8,194,9],[194,10,194,11],[195,1,195,2],[195,3,195,4],[195,5,195,6],[195,8,195,9],[195,10,195,11],[196,1,196,2],[196,3,196,4],[196,5,196,6],[196,8,196,9],[196,10,196,11],[197,1,197,2],[197,3,197,4],[197,5,197,6],[197,8,197,9],[197,10,197,11],[198,1,198,2],[198,3,198,4],[198,5,198,6],[198,8,198,9],[198,10,198,11],[199,1,199,2],[199,3,199,4],[199,5,199,6],[199,8,199,9],[199,10,199,11],[200,1,200,2],[200,3,200,4],[200,5,200,6],[200,8,200,9],[200,10,200,11],[201,1,201,2],[201,3,201,4],[201,5,201,6],[201,8,201,9],[201,10,201,11],[202,1,202,2],[202,3,202,4],[202,5,202,6],[202,8,202,9],[202,10,202,11],[203,0,203,11],[204,0,204,11],[205,0,205,13],[206,0,206,1],[206,2,206,3],[206,4,206,5],[206,6,206,8],[206,9,206,10],[206,11,206,13]]}
[]
["分部分项工程和单价措施项目清单与计价表"]
["工程名称：鄂尔多斯影剧院消防改造工程",{"$nulls":5},"标段：",{"$nulls":4},"第  1  页  共  7  页"]
["序号","项目编码",null,"项目名称",null,"项目特征描述",null,"计量单位","工程量",null,"金额（元）"]
[{"$nulls":10},"综合单价",null,"合价","其中"]
[{"$nulls":13},"暂估价"]
[{"$nulls":3},"整个项目"]
[1,"031006015001",null,"水箱",null,"1.名称:玻璃钢水箱\n2.型号、规格:有效容积10m³\n3.基础:10*10槽钢",null,"台",1,null,6318.18,null,6318.18]
[2,"030109001004",null,"喷淋泵",null,"1.名称:喷淋泵\n2.规格:15KW",null,"台",2,null,6621.5,null,13243]
[3,"030109001005",null,"消火栓稳压泵",null,"1.名称：消火栓稳压泵\n2.规格：1.5KW",null,"台",2,null,2835.2,null,5670.4]
[4,"030109001006",null,"喷淋稳压泵",null,"1.名称：喷淋稳压泵\n2.规格：1.5KW",null,"台",2,null,2835.2,null,5670.4]
[5,"031006004001",null,"气压罐",null,"1.名称：气压罐\n2.规格：800m3",null,"台",2,null,6544.19,null,13088.38]
[6,"040801005001",null,"直启控制柜",null,"1.名称:直启控制柜\n2.规格:800*600*200",null,"台",1,null,3756,null,3756]
[7,"040801005002",null,"双电源控制柜",null,"1.名称:双电源控制柜\n2.规格:1500*700*450",null,"台",1,null,10256,null,10256]
[8,"040801005003",null,"自动巡检控制柜",null,"1.名称:自动巡检控制柜\n2.规格:1500*800*450",null,"台",1,null,10256,null,10256]
[9,"030404016001",null,"控制柜",null,"1.名称:控制柜\n2.规格:450*350*200",null,"台",2,null,1754.32,null,3508.64]
[10,"030404016002",null,"液位计控制柜",null,"1.名称:液位计控制柜\n2.规格:450*350*200",null,"台",1,null,1754.32,null,1754.32]
[11,"030404016003",null,"风机控制柜",null,"1.名称:风机控制柜\n2.规格:600*500*200",null,"台",2,null,1754.32,null,3508.64]
[12,"030411003001",null,"桥架",null,"1.名称:电缆桥架\n2.规格:200*100",null,"m",35,null,137.39,null,4808.65]
[13,"030904001001",null,"点型探测器",null,"1.名称：红外光束感烟探测器",null,"个",2,null,647.93,null,1295.86]
[14,"030904001002",null,"点型探测器",null,"1.名称:点型感烟探测器",null,"个",4,null,156.56,null,626.24]
[15,"030904001003",null,"点型探测器",null,"1.名称:点型感温探测器",null,"个",4,null,133.03,null,532.12]
[16,"030904008002",null,"模块(模块箱）",null,"1.名称：风机控制模块",null,"个",4,null,446.86,null,1787.44]
[17,"030404002001",null,"继电器",null,"1.名称:继电器",null,"台",4,null,126.56,null,506.24]
[18,"030904008003",null,"模块(模块箱）",null,"1.名称:模块",null,"个",6,null,394.87,null,2369.22]
[19,"030412004001",null,"装饰灯",null,"1.名称:应急照明灯",null,"套",1,null,332.34,null,332.34]
[20,"030412004002",null,"装饰灯",null,"1.名称:安全出口标志",null,"套",1,null,293.83,null,293.83]
[21,"030408001002",null,"电力电缆",null,"1.名称:电力电缆\n2.规格:YJV6*6",null,"m",100,null,33.15,null,3315]
[22,"030408001003",null,"电力电缆",null,"1.名称:电力电缆\n2.规格:YJV4*4",null,"m",50,null,25.01,null,1250.5]
[23,"03040800100",null,"电力电",null,"1.名称:铜缆",null,"m",210,null,60.39,null,12681]
["本页小计",{"$nulls":11},106829.3]
["注：为计取规费等的使用，可在表中增设其中：“定额人工费”"]
[{"$nulls":11},"表—08"]
[]
["分部分项工程和单价措施项目清单与计价表"]
["工程名称：鄂尔多斯影剧院消防改造工程",{"$nulls":5},"标段：",{"$nulls":4},"第  2  页  共  7  页"]
["序号","项目编码",null,"项目名称",null,"项目特征描述",null,"计量单位","工程量",null,"金额（元）"]
[{"$nulls":10},"综合单价",null,"合价","其中"]
[{"$nulls":13},"暂估价"]
[null,"4",null,"缆",null,"2.规格:YJV3*16+1*10",{"$nulls":6},9]
[24,"030411004012",null,"配线",null,"1.名称：管内穿线\n2.规格：RVS-2*1.5mm²",null,"m",800,null,4.98,null,3984]
[25,"030411004013",null,"配线",null,"1.名称：管内穿线\n2.规格：RVV-8*2mm²",null,"m",520,null,7.19,null,3738.8]
[26,"030411004008",null,"配线",null,"1.名称:控制线\n2.规格:NH-RVV 10*1.5mm²",null,"m",410,null,22.15,null,9081.5]
[27,"030411004009",null,"配线",null,"1.名称:电话线\n2.规格:NH-RVVP 2*1.5mm²",null,"m",410,null,12.91,null,5293.1]
[28,"030411004010",null,"配线",null,"1.名称:配线\n2.规格:NH-RVV  12*1.5mm²",null,"m",350,null,26.03,null,9110.5]
[29,"030411004011",null,"配线",null,"1.名称:配线\n2.规格:NH-RVV  10*2.5mm²",null,"m",350,null,39.05,null,13667.5]
[30,"031001006001",null,"塑料管",null,"1.安装部位:地沟内\n2.材质、规格:PE De50\n3.连接形式:粘接",null,"m",80,null,24.88,null,1990.4]
[31,"031001006002",null,"塑料管",null,"1.安装部位:地沟内\n2.材质、规格:PVC De110\n3.连接形式:粘接",null,"m",50,null,35.35,null,1767.5]
[32,"030609005001",null,"电板热",null,"1.名称:电板热",null,"m",200,null,40.43,null,8086]
[33,"030411001003",null,"配管",null,"1.名称:JDG\n2.规格:50",null,"m",540,null,35.53,null,19186.2]
[34,"030411001002",null,"配管",null,"1.名称：配管\n2.材质：JDG\n3.规格：20",null,"m",1500,null,13.35,null,20025]
[35,"030901001007",null,"水喷淋钢管",null,"1.名称:热镀锌钢管\n2.材质、规格:DN100\n3.连接形式:沟槽连接",null,"m",142.4,null,116.65,null,16610.96]
[36,"031001001001",null,"镀锌钢管",null,"1.名称:热镀锌钢管\n2.规格、压力等级:DN100\n3.连接形式:沟槽连接\n4.压力试验及吹、洗设计要求:水压试验、水冲洗",null,"m",22.6,null,116.65,null,2636.29]
[37,"031001001002",null,"镀锌钢管",null,"1.名称:热镀锌钢管\n2.规格、压力等级:DN65\n3.连接形式:沟槽连接\n4.压力试验及吹、洗设计要求:水压试验、水冲洗",null,"m",13,null,79.96,null,1039.48]
[38,"031001001003",null,"镀锌钢管",null,"1.名称:热镀锌钢管",null,"m",17,null,67.33,null,1144.61]
["本页小计",{"$nulls":11},117361.84]
["注：为计取规费等的使用，可在表中增设其中：“定额人工费”"]
[{"$nulls":11},"表—08"]
[]
["分部分项工程和单价措施项目清单与计价表"]
["工程名称：鄂尔多斯影剧院消防改造工程",{"$nulls":5},"标段：",{"$nulls":4},"第  3  页  共  7  页"]
["序号","项目编码",null,"项目名称",null,"项目特征描述",null,"计量单位","工程量",null,"金额（元）"]
[{"$nulls":10},"综合单价",null,"合价","其中"]
[{"$nulls":13},"暂估价"]
[{"$nulls":5},"2.规格、压力等级:DN50\n3.连接形式:沟槽连接\n4.压力试验及吹、洗设计要求:水压试验、水冲洗"]
[39,"040502002008",null,"钢管管件制作、安装",null,"1.名称:卡箍\n2.材质及规格:DN100",null,"个",141,null,58.8,null,8290.8]
[40,"040502002013",null,"钢管管件制作、安装",null,"1.名称:弯头\n2.材质及规格:DN100",null,"个",32,null,93.03,null,2976.96]
[41,"040502002010",null,"钢管管件制作、安装",null,"1.名称:机三\n2.材质及规格:DN100",null,"个",10,null,70.92,null,709.2]
[42,"040502002011",null,"钢管管件制作、安装",null,"1.名称:正三通\n2.材质及规格:DN100",null,"个",5,null,93.03,null,465.15]
[43,"031003003011",null,"对夹蝶阀",null,"1.名称:对夹蝶阀\n2.规格、压力等级:DN100\n3.连接形式:沟槽连接",null,"个",2,null,318.52,null,637.04]
[44,"031003003012",null,"止回阀",null,"1.名称:止回阀\n2.规格、压力等级:DN100\n3.连接形式:沟槽连接",null,"个",2,null,505.59,null,1011.18]
[45,"031003003013",null,"蝶阀",null,"1.名称:蝶阀\n2.规格、压力等级:DN100\n3.连接形式:沟槽连接",null,"个",2,null,318.52,null,637.04]
[46,"031003003014",null,"明杆闸阀",null,"1.名称:明杆闸阀\n2.规格、压力等级:DN100\n3.连接形式:沟槽连接",null,"个",2,null,389.16,null,778.32]
[47,"031003003015",null,"明杆闸阀",null,"1.名称:明杆闸阀\n2.规格、压力等级:DN65\n3.连接形式:法兰连接",null,"个",2,null,224.43,null,448.86]
[48,"031003003016",null,"流量监控器",null,"1.名称:流量监控器\n2.规格、压力等级:DN100\n3.连接形式:法兰连接",null,"个",2,null,590.75,null,1181.5]
[49,"031003003017",null,"焊接法兰阀门",null,"1.名称:闸阀\n2.规格、压力等级:DN50\n3.连接形式:法兰连接",null,"个",10,null,163.06,null,1630.6]
[50,"031003003018",null,"焊接法兰阀门",null,"1.名称:止回阀\n2.规格、压力等级:DN50\n3.连接形式:法兰连接",null,"个",4,null,226.76,null,907.04]
[51,"031003003019",null,"焊接法兰阀门",null,"1.名称:逆止阀\n2.规格、压力等级:DN50\n3.连接形式:法兰连接",null,"个",4,null,226.76,null,907.04]
[52,"031003003020",null,"焊接法兰阀门",null,"1.名称:泄水阀\n2.规格、压力等级:DN65\n3.连接形式:法兰连接",null,"个",1,null,236.27,null,236.27]
[53,"031003010003",null,"软接头(软管）",null,"1.名称:软接头",null,"个",8,null,90.11,null,720.88]
["本页小计",{"$nulls":11},21537.88]
["注：为计取规费等的使用，可在表中增设其中：“定额人工费”"]
[{"$nulls":11},"表—08"]
[]
["分部分项工程和单价措施项目清单与计价表"]
["工程名称：鄂尔多斯影剧院消防改造工程",{"$nulls":5},"标段：",{"$nulls":4},"第  4  页  共  7  页"]
["序号","项目编码",null,"项目名称",null,"项目特征描述",null,"计量单位","工程量",null,"金额（元）"]
[{"$nulls":10},"综合单价",null,"合价","其中"]
[{"$nulls":13},"暂估价"]
[{"$nulls":5},"2.规格:DN50\n3.连接形式:法兰连接"]
[54,"030601002003",null,"压力仪表",null,"1.名称：压力表",null,"台",4,null,133.45,null,533.8]
[55,"030601002004",null,"压力仪表",null,"1.名称:电接点压力表",null,"台",2,null,181.98,null,363.96]
[56,"031003011008",null,"法兰",null,"1.名称:法兰\n2.规格、压力等级:DN100",null,"副",14,null,260.07,null,3640.98]
[57,"031002003007",null,"套管",null,"1.名称、类型:打洞\n2.规格:DN100",null,"个",8,null,42.89,null,343.12]
[58,"031002003008",null,"套管",null,"1.名称、类型:套管\n2.规格:DN100",null,"个",8,null,92.72,null,741.76]
[59,"031002001004",null,"管道支架",null,"1.名称:管道支架",null,"kg",379.62,null,21.58,null,8192.2]
[60,"010802003001",null,"甲级钢质防火门",null,"1.甲级钢质防火门\n2.规格：双向开启",null,"m2",18,null,528.23,null,9508.14]
[61,"010801006001",null,"门把手",null,"1.名称:门把手",null,"个",18,null,53.09,null,955.62]
[62,"030901001003",null,"水喷淋钢管",null,"1.安装部位:地沟内\n2.名称:热镀锌钢管\n3.材质、规格:DN100\n4.连接形式:沟槽连接",null,"m",535,null,123.58,null,66115.3]
[63,"030901001005",null,"水喷淋钢管",null,"1.安装部位:地沟内\n2.名称:热镀锌钢管\n3.材质、规格:DN150\n4.连接形式:沟槽连接",null,"m",160,null,191.35,null,30616]
[64,"030901001006",null,"水喷淋钢管",null,"1.安装部位:地沟内\n2.名称:热镀锌钢管\n3.材质、规格:DN65\n4.连接形式:沟槽连接",null,"m",7,null,85.79,null,600.53]
[65,"040502002003",null,"钢管管件制作、安装",null,"1.安装部位:地沟内\n2.名称:卡箍\n3.材质及规格:DN100",null,"个",170,null,66.72,null,11342.4]
[66,"040502002007",null,"钢管管件制作、安装",null,"1.安装部位:地沟内\n2.名称:三通\n3.材质及规格:DN100",null,"个",12,null,99.95,null,1199.4]
[67,"040502002005",null,"钢管管件制作、安装",null,"1.安装部位:地沟内\n2.名称:卡箍\n3.材质及规格:DN150",null,"个",45,null,108.86,null,4898.7]
[68,"040502002004",null,"钢管管件制作、安装",null,"1.名称:弯头\n2.材质及规格:DN100",null,"个",84,null,100.95,null,8479.8]
[69,"040502002006",null,"钢管管件制作、安装",null,"1.名称:弯头\n2.材质及规格:DN150",null,"个",12,null,160.21,null,1922.52]
[70,"031002003004",null,"套管",null,"1.名称、类型:套管\n2.规格:DN100",null,"个",8,null,100.77,null,806.16]
[71,"031002003005",null,"套管",null,"1.名称、类型:套管",null,"个",1,null,176.11,null,176.11]
["本页小计",{"$nulls":11},150436.5]
["注：为计取规费等的使用，可在表中增设其中：“定额人工费”"]
[{"$nulls":11},"表—08"]
[]
["分部分项工程和单价措施项目清单与计价表"]
["工程名称：鄂尔多斯影剧院消防改造工程",{"$nulls":5},"标段：",{"$nulls":4},"第  5  页  共  7  页"]
["序号","项目编码",null,"项目名称",null,"项目特征描述",null,"计量单位","工程量",null,"金额（元）"]
[{"$nulls":10},"综合单价",null,"合价","其中"]
[{"$nulls":13},"暂估价"]
[{"$nulls":5},"2.规格:DN150"]
[72,"031002001003",null,"管道支架",null,"1.名称:管道支架",null,"kg",620.38,null,24.14,null,14975.97]
[73,"031003003021",null,"闸阀",null,"1.名称:蝶阀\n2.规格、压力等级:DN100\n3.连接形式:法兰连接",null,"个",15,null,306.12,null,4591.8]
[74,"031003003004",null,"闸阀",null,"1.名称:闸阀\n2.规格、压力等级:DN65\n3.连接形式:法兰连接",null,"个",1,null,216.97,null,216.97]
[75,"031003011004",null,"法兰",null,"1.名称:法兰\n2.规格、压力等级:DN65",null,"副",1,null,194.2,null,194.2]
[76,"030601002001",null,"压力仪表",null,"1.安装部位:地沟内\n2.名称:电接点压力表",null,"台",1,null,200.46,null,200.46]
[77,"030601002002",null,"压力仪表",null,"1.安装部位:地沟内\n2.名称:普通压力表",null,"台",1,null,142.36,null,142.36]
[78,"030901004001",null,"湿式报警阀",null,"1.安装部位:地沟内\n2.类型:湿式报警阀\n3.规格、压力等级:DN150",null,"组",1,null,3044.88,null,3044.88]
[79,"031003003005",null,"信号蝶阀",null,"1.安装部位:地沟内\n2.类型:信号蝶阀\n3.规格、压力等级:DN150\n4.连接形式:法兰连接",null,"个",2,null,491.68,null,983.36]
[80,"031003003006",null,"闸阀",null,"1.安装部位:地沟内\n2.类型:闸阀\n3.规格、压力等级:DN150\n4.连接形式:法兰连接",null,"个",1,null,536.77,null,536.77]
[81,"031003003007",null,"闸阀",null,"1.安装部位:地沟内\n2.类型:闸阀\n3.规格、压力等级:DN150\n4.连接形式:沟槽连接",null,"个",4,null,572.38,null,2289.52]
[82,"031003003008",null,"止回阀",null,"1.安装部位:地沟内\n2.类型:止回阀\n3.规格、压力等级:DN150\n4.连接形式:法兰连接",null,"个",2,null,669.16,null,1338.32]
[83,"031003003009",null,"安全阀",null,"1.安装部位:地沟内\n2.类型:安全阀\n3.规格、压力等级:DN65\n4.连接形式:法兰连接",null,"个",1,null,412.26,null,412.26]
[84,"031003003010",null,"过滤器",null,"1.名称:过滤器\n2.规格、压力等级:DN150\n3.连接形式:法兰连接",null,"个",2,null,419.38,null,838.76]
[85,"031003010002",null,"软连接",null,"1.名称:软连接\n2.规格:DN150\n3.连接形式:法兰连接",null,"个",4,null,326.92,null,1307.68]
["本页小计",{"$nulls":11},31073.31]
["注：为计取规费等的使用，可在表中增设其中：“定额人工费”"]
[{"$nulls":11},"表—08"]
[]
["分部分项工程和单价措施项目清单与计价表"]
["工程名称：鄂尔多斯影剧院消防改造工程",{"$nulls":5},"标段：",{"$nulls":4},"第  6  页  共  7  页"]
["序号","项目编码",null,"项目名称",null,"项目特征描述",null,"计量单位","工程量",null,"金额（元）"]
[{"$nulls":10},"综合单价",null,"合价","其中"]
[{"$nulls":13},"暂估价"]
[86,"031003011005",null,"法兰",null,"1.名称:法兰\n2.规格、压力等级:DN150",null,"副",5,null,464.43,null,2322.15]
[87,"031003011006",null,"法兰",null,"1.名称:法兰\n2.规格、压力等级:DN80",null,"副",1,null,224.39,null,224.39]
[88,"031003011007",null,"法兰",null,"1.名称:法兰\n2.规格、压力等级:DN65",null,"副",1,null,194.2,null,194.2]
[89,"031003001007",null,"弯头",null,"1.名称:弯头\n2.规格、压力等级:DN100",null,"个",24,null,100.95,null,2422.8]
[90,"031003001008",null,"大小头DN150*100",null,"1.名称:大小头\n2.规格、压力等级:DN150*100",null,"个",1,null,125.54,null,125.54]
[91,"031003001009",null,"大小头DN150*125",null,"1.名称:大小头\n2.规格、压力等级:DN150*125",null,"个",1,null,136.84,null,136.84]
[92,"031003001013",null,"大小头DN150*125",null,"1.名称:大小头\n2.规格、压力等级:DN100*65",null,"个",2,null,71.22,null,142.44]
[93,"031003001010",null,"三通DN150",null,"1.名称:三通\n2.规格、压力等级:DN150",null,"个",3,null,160.21,null,480.63]
[94,"031003001011",null,"机三DN150*65",null,"1.名称:机三\n2.规格、压力等级:DN150*65",null,"个",1,null,127.04,null,127.04]
[95,"031003001012",null,"卡箍DN150*80",null,"1.名称:卡箍\n2.规格、压力等级:DN150*80",null,"个",4,null,108.86,null,435.44]
[96,"031208002001",null,"管道绝热",null,"1.绝热材料品种:橡塑海绵保温\n2.绝热厚度:50mm\n3.管道外径:DN150",null,"m3",1.5,null,1547.26,null,2320.89]
[97,"031202002001",null,"管道防腐蚀",null,"1.名称:三油两布",null,"m2",50,null,68.91,null,3445.5]
[98,"041001006001",null,"拆除管道 DN100",null,"1.安装部位:地沟内\n2.材质:气割拆除镀锌钢管\n3.管径:DN100",null,"m",430,null,17.19,null,7391.7]
[99,"011610001001",null,"木门窗拆除",null,"拆除木门",null,"樘",6,null,26,null,156]
[100,"011207001001",null,"墙面装饰板",null,"防火门收口\n用双层双向木工板制作安装，木龙骨",null,"m2",14,null,209.55,null,2933.7]
[101,"010808001001",null,"木门窗套",null,"安装防火门套线",null,"m2",18,null,178.81,null,3218.58]
[102,"011102003001",null,"块料楼地面",null,"铺800*800地砖",null,"m2",5,null,125.99,null,629.95]
[103,"011407001001",null,"墙面喷刷涂料",null,"墙面刮腻子2遍，防火涂料2遍",null,"m2",10,null,20.58,null,205.8]
[104,"03070400100",null,"通风工程检测、",{"$nulls":3},"系统",4,null,225.98,null,903.9]
["本页小计",{"$nulls":11},27817.51]
["注：为计取规费等的使用，可在表中增设其中：“定额人工费”"]
[{"$nulls":11},"表—08"]
[]
["分部分项工程和单价措施项目清单与计价表"]
["工程名称：鄂尔多斯影剧院消防改造工程",{"$nulls":5},"标段：",{"$nulls":4},"第  7  页  共  7  页"]
["序号","项目编码",null,"项目名称",null,"项目特征描述",null,"计量单位","工程量",null,"金额（元）"]
[{"$nulls":10},"综合单价",null,"合价","其中"]
[{"$nulls":13},"暂估价"]
[null,"1",null,"调试",{"$nulls":8},2]
[105,"030704001002",null,"通风工程检测、调试",{"$nulls":3},"系统",4,null,207.46,null,829.84]
[106,"030905002001",null,"水灭火控制装置调试",{"$nulls":3},"点",4,null,36.16,null,144.64]
[{"$nulls":3},"分部小计",{"$nulls":8},456030.82]
[{"$nulls":3},"措施项目"]
[107,"031301017001",null,"脚手架搭拆",{"$nulls":3},"项",1,null,4771.34,null,4771.34]
[{"$nulls":3},"分部小计",{"$nulls":8},4771.34]
{"$rows_empty":27}
["本页小计",{"$nulls":11},5745.82]
["合   计",{"$nulls":11},460802.16]
["注：为计取规费等的使用，可在表中增设其中：“定额人工费”"]
[{"$nulls":11},"表—08"]

{"sheet":"表-11 总价措施项目清单与计价表","index":3,"n_rows":32,"n_cols":14,"rows_kept":32,"merged":[[0,0,0,10],[0,11,0,13],[1,0,1,13],[2,0,2,4],[2,5,2,10],[2,11,2,13],[3,1,3,2],[3,3,3,5],[3,8,3,9],[3,10,3,11],[4,1,4,2],[4,3,4,5],[4,8,4,9],[4,10,4,11],[5,1,5,2],[5,3,5,5],[5,8,5,9],[5,10,5,11],[6,1,6,2],[6,3,6,5],[6,8,6,9],[6,10,6,11],[7,1,7,2],[7,3,7,5],[7,8,7,9],[7,10,7,11],[8,1,8,2],[8,3,8,5],[8,8,8,9],[8,10,8,11],[9,1,9,2],[9,3,9,5],[9,8,9,9],[9,10,9,11],[10,1,10,2],[10,3,10,5],[10,8,10,9],[10,10,10,11],[11,1,11,2],[11,3,11,5],[11,8,11,9],[11,10,11,11],[12,1,12,2],[12,3,12,5],[12,8,12,9],[12,10,12,11],[13,1,13,2],[13,3,13,5],[13,8,13,9],[13,10,13,11],[14,1,14,2],[14,3,14,5],[14,8,14,9],[14,10,14,11],[15,1,15,2],[15,3,15,5],[15,8,15,9],[15,10,15,11],[16,1,16,2],[16,3,16,5],[16,8,16,9],[16,10,16,11],[17,1,17,2],[17,3,17,5],[17,8,17,9],[17,10,17,11],[18,1,18,2],[18,3,18,5],[18,8,18,9],[18,10,18,11],[19,1,19,2],[19,3,19,5],[19,8,19,9],[19,10,19,11],[20,1,20,2],[20,3,20,5],[20,8,20,9],[20,10,20,11],[21,1,21,2],[21,3,21,5],[21,8,21,9],[21,10,21,11],[22,1,22,2],[22,3,22,5],[22,8,22,9],[22,10,22,11],[23,1,23,2],[23,3,23,5],[23,8,23,9],[23,10,23,11],[24,1,24,2],[24,3,24,5],[24,8,24,9],[24,10,24,11],[25,1,25,2],[25,3,25,5],[25,8,25,9],[25,10,25,11],[26,1,26,2],[26,3,26,5],[26,8,26,9],[26,10,26,11],[27,1,27,2],[27,3,27,5],[27,8,27,9],[27,10,27,11],[28,0,28,7],[28,8,28,9],[28,10,28,11],[29,0,29,3],[29,5,29,8],[29,9,29,13],[30,0,30,13],[31,0,31,1],[31,2,31,3],[31,5,31,8],[31,9,31,10],[31,11,31,13]]}
[]
["总价措施项目清单与计价表"]
["工程名称：鄂尔多斯影剧院消防改造工程",{"$nulls":4},"标段：",{"$nulls":5},"第  1  页  共  1  页"]
["序号","项目编码",null,"项目名称",null,null,"计算基础","费率(%)","金额(元)",null,"调整费率(%)",null,"调整后金额(元)","备注"]
["1","031302001",null,"安全文明施工费",{"$nulls":4},3220.3]
["1.1","031302001001",null,"安全文明施工与环境保护费",null,null,"分部分项人工费+技术措施项目人工费","2",2146.87]
["1.2","031302001002",null,"临时设施费",null,null,"分部分项人工费+技术措施项目人工费","1",1073.43]
["2","031302005001",null,"雨季施工增加费",null,null,"分部分项人工费+技术措施项目人工费","0.5",536.72]
["3","031302006001",null,"已完工程及设备保护费",null,null,"分部分项人工费+技术措施项目人工费","0.8",858.74]
["4","031302004001",null,"二次搬运费",null,null,"分部分项人工费+技术措施项目人工费","0.1",107.34]
{"$rows_empty":18}
["合    计",{"$nulls":7},4723.1]
["编制人（造价人员）：",{"$nulls":8},"复核人（造价工程师）："]
["注：1.“计算基础”中安全文明施工费可为“定额基价”、“定额人工费”或“定额人工费+定额机械费”，其他项目可为“定额人工费”或“定额人工费+定额机械费”。\n    2.按施工方案计算的措施费，若无“计算基础”和“费率”的数值，也可只填“金额”数值，但应在备注栏说明施工方案出处或计算方法。"]
[{"$nulls":11},"表-11"]

{"sheet":"表-13 规费、税金项目清单与计价表","index":4,"n_rows":41,"n_cols":11,"rows_kept":41,"merged":[[0,0,0,7],[0,8,0,10],[1,0,1,10],[2,0,2,3],[2,4,2,7],[2,8,2,10],[3,1,3,4],[3,5,3,6],[3,7,3,8],[4,1,4,4],[4,5,4,6],[4,7,4,8],[5,1,5,4],[5,5,5,6],[5,7,5,8],[6,1,6,4],[6,5,6,6],[6,7,6,8],[7,1,7,4],[7,5,7,6],[7,7,7,8],[8,1,8,4],[8,5,8,6],[8,7,8,8],[9,1,9,4],[9,5,9,6],[9,7,9,8],[10,1,10,4],[10,5,10,6],[10,7,10,8],[11,1,11,4],[11,5,11,6],[11,7,11,8],[12,1,12,4],[12,5,12,6],[12,7,12,8],[13,1,13,4],[13,5,13,6],[13,7,13,8],[14,1,14,4],[14,5,14,6],[14,7,14,8],[15,1,15,4],[15,5,15,6],[15,7,15,8],[16,1,16,4],[16,5,16,6],[16,7,16,8],[17,1,17,4],[17,5,17,6],[17,7,17,8],[18,1,18,4],[18,5,18,6],[18,7,18,8],[19,1,19,4],[19,5,19,6],[19,7,19,8],[20,1,20,4],[20,5,20,6],[20,7,20,8],[21,1,21,4],[21,5,21,6],[21,7,21,8],[22,1,22,4],[22,5,22,6],[22,7,22,8],[23,1,23,4],[23,5,23,6],[23,7,23,8],[24,1,24,4],[24,5,24,6],[24,7,24,8],[25,1,25,4],[25,5,25,6],[25,7,25,8],[26,1,26,4],[26,5,26,6],[26,7,26,8],[27,1,27,4],[27,5,27,6],[27,7,27,8],[28,1,28,4],[28,5,28,6],[28,7,28,8],[29,1,29,4],[29,5,29,6],[29,7,29,8],[30,1,30,4],[30,5,30,6],[30,7,30,8],[31,1,31,4],[31,5,31,6],[31,7,31,8],[32,1,32,4],[32,5,32,6],[32,7,32,8],[33,1,33,4],[33,5,33,6],[33,7,33,8],[34,1,34,4],[34,5,34,6],[34,7,34,8],[35,1,35,4],[35,5,35,6],[35,7,35,8],[36,1,36,4],[36,5,36,6],[36,7,36,8],[37,1,37,4],[37,5,37,6],[37,7,37,8],[38,0,38,9],[39,0,39,3],[39,4,39,5],[39,6,39,10],[40,0,40,1],[40,4,40,5],[40,6,40,7],[40,8,40,10]]}
[]
["规费、税金项目计价表"]
["工程名称：鄂尔多斯影剧院消防改造工程",{"$nulls":3},"标段：",{"$nulls":3},"第  1  页  共  1  页"]
["序号","项目名称",{"$nulls":3},"计算基础",null,"计算基数",null,"计算费率(%)","金额（元）"]
["1","规费",{"$nulls":3},"社会保险费+住房公积金+水利建设基金+环境保护税"]
["1.1","社会保险费",{"$nulls":3},"养老失业保险+基本医疗保险+工伤保险+生育保险"]
["(1)","养老失业保险",{"$nulls":3},"分部分项人工费*1.1+组织措施项目人工费+技术措施项目人工费*1.1",null,109411.56,null,"0"]
["(2)","基本医疗保险",{"$nulls":3},"分部分项人工费*1.1+组织措施项目人工费+技术措施项目人工费*1.1",null,109411.56,null,"0"]
["(3)","工伤保险",{"$nulls":3},"分部分项人工费*1.1+组织措施项目人工费+技术措施项目人工费*1.1",null,109411.56,null,"0"]
["(4)","生育保险",{"$nulls":3},"分部分项人工费*1.1+组织措施项目人工费+技术措施项目人工费*1.1",null,109411.56,null,"0"]
["1.2","住房公积金",{"$nulls":3},"分部分项人工费*1.1+组织措施项目人工费+技术措施项目人工费*1.1",null,109411.56,null,"0"]
["1.3","水利建设基金",{"$nulls":3},"分部分项人工费*1.1+组织措施项目人工费+技术措施项目人工费*1.1",null,109411.56,null,"0"]
["1.4","环境保护税"]
["2","税金",{"$nulls":3},"税前工程造价",null,465525.26,null,"1",4655.25]
{"$rows_empty":24}
["合    计",{"$nulls":9},4655.25]
["编制人（造价人员）：",{"$nulls":5},"复核人（造价工程师）："]
[{"$nulls":8},"表-13"]

{"sheet":"表-08 分部分项工程和单价措施项目清单与计价表1","index":5,"n_rows":207,"n_cols":14,"rows_kept":207,"merged":[[0,0,0,10],[0,11,0,13],[1,0,1,13],[2,0,2,5],[2,6,2,10],[2,11,2,13],[3,0,5,0],[3,1,5,2],[3,3,5,4],[3,5,5,6],[3,7,5,7],[3,8,5,9],[3,10,3,13],[4,10,5,11],[4,12,5,12],[6,1,6,2],[6,3,6,4],[6,5,6,6],[6,8,6,9],[6,10,6,11],[7,1,7,2],[7,3,7,4],[7,5,7,6],[7,8,7,9],[7,10,7,11],[8,1,8,2],[8,3,8,4],[8,5,8,6],[8,8,8,9],[8,10,8,11],[9,1,9,2],[9,3,9,4],[9,5,9,6],[9,8,9,9],[9,10,9,11],[10,1,10,2],[10,3,10,4],[10,5,10,6],[10,8,10,9],[10,10,10,11],[11,1,11,2],[11,3,11,4],[11,5,11,6],[11,8,11,9],[11,10,11,11],[12,1,12,2],[12,3,12,4],[12,5,12,6],[12,8,12,9],[12,10,12,11],[13,1,13,2],[13,3,13,4],[13,5,13,6],[13,8,13,9],[13,10,13,11],[14,1,14,2],[14,3,14,4],[14,5,14,6],[14,8,14,9],[14,10,14,11],[15,1,15,2],[15,3,15,4],[15,5,15,6],[15,8,15,9],[15,10,15,11],[16,1,16,2],[16,3,16,4],[16,5,16,6],[16,8,16,9],[16,10,16,11],[17,1,17,2],[17,3,17,4],[17,5,17,6],[17,8,17,9],[17,10,17,11],[18,1,18,2],[18,3,18,4],[18,5,18,6],[18,8,18,9],[18,10,18,11],[19,1,19,2],[19,3,19,4],[19,5,19,6],[19,8,19,9],[19,10,19,11],[20,1,20,2],[20,3,20,4],[20,5,20,6],[20,8,20,9],[20,10,20,11],[21,1,21,2],[21,3,21,4],[21,5,21,6],[21,8,21,9],[21,10,21,11],[22,1,22,2],[22,3,22,4],[22,5,22,6],[22,8,22,9],[22,10,22,11],[23,1,23,2],[23,3,23,4],[23,5,23,6],[23,8,23,9],[23,10,23,11],[24,1,24,2],[24,3,24,4],[24,5,24,6],[24,8,24,9],[24,10,24,11],[25,1,25,2],[25,3,25,4],[25,5,25,6],[25,8,25,9],[25,10,25,11],[26,1,26,2],[26,3,26,4],[26,5,26,6],[26,8,26,9],[26,10,26,11],[27,1,27,2],[27,3,27,4],[27,5,27,6],[27,8,27,9],[27,10,27,11],[28,1,28,2],[28,3,28,4],[28,5,28,6],[28,8,28,9],[28,10,28,11],[29,1,29,2],[29,3,29,4],[29,5,29,6],[29,8,29,9],[29,10,29,11],[30,0,30,11],[31,0,31,13],[32,0,32,1],[32,2,32,3],[32,4,32,5],[32,6,32,8],[32,9,32,10],[32,11,32,13],[33,0,33,10],[33,11,33,13],[34,0,34,13],[35,0,35,5],[35,6,35,10],[35,11,35,13],[36,0,38,0],[36,1,38,2],[36,3,38,4],[36,5,38,6],[36,7,38,7],[36,8,38,9],[36,10,36,13],[37,10,38,11],[37,12,38,12],[39,1,39,2],[39,3,39,4],[39,5,39,6],[39,8,39,9],[39,10,39,11],[40,1,40,2],[40,3,40,4],[40,5,40,6],[40,8,40,9],[40,10,40,11],[41,1,41,2],[41,3,41,4],[41,5,41,6],[41,8,41,9],[41,10,41,11],[42,1,42,2],[42,3,42,4],[42,5,42,6],[42,8,42,9],[42,10,42,11],[43,1,43,2],[43,3,43,4],[43,5,43,6],[43,8,43,9],[43,10,43,11],[44,1,44,2],[44,3,44,4],[44,5,44,6],[44,8,44,9],[44,10,44,11],[45,1,45,2],[45,3,45,4],[45,5,45,6],[45,8,45,9],[45,10,45,11],[46,1,46,2],[46,3,46,4],[46,5,46,6],[46,8,46,9],[46,10,46,11],[47,1,47,2],[47,3,47,4],[47,5,47,6],[47,8,47,9],[47,10,47,11],[48,1,48,2],[48,3,48,4],[48,5,48,6],[48,8,48,9],[48,10,48,11],[49,1,49,2],[49,3,49,4],[49,5,49,6],[49,8,49,9],[49,10,49,11],[50,1,50,2],[50,3,50,4],[50,5,50,6],[50,8,50,9],[50,10,50,11],[51,1,51,2],[51,3,51,4],[51,5,51,6],[51,8,51,9],[51,10,51,11],[52,1,52,2],[52,3,52,4],[52,5,52,6],[52,8,52,9],[52,10,52,11],[53,1,53,2],[53,3,53,4],[53,5,53,6],[53,8,53,9],[53,10,53,11],[54,1,54,2],[54,3,54,4],[54,5,54,6],[54,8,54,9],[54,10,54,11],[55,0,55,11],[56,0,56,13],[57,0,57,1],[57,2,57,3],[57,4,57,5],[57,6,57,8],[57,9,57,10],[57,11,57,13],[58,0,58,10],[58,11,58,13],[59,0,59,13],[60,0,60,5],[60,6,60,10],[60,11,60,13],[61,0,63,0],[61,1,63,2],[61,3,63,4],[61,5,63,6],[61,7,63,7],[61,8,63,9],[61,10,61,13],[62,10,63,11],[62,12,63,12],[64,1,64,2],[64,3,64,4],[64,5,64,6],[64,8,64,9],[64,10,64,11],[65,1,65,2],[65,3,65,4],[65,5,65,6],[65,8,65,9],[65,10,65,11],[66,1,66,2],[66,3,66,4],[66,5,66,6],[66,8,66,9],[66,10,66,11],[67,1,67,2],[67,3,67,4],[67,5,67,6],[67,8,67,9],[67,10,67,11],[68,1,68,2],[68,3,68,4],[68,5,68,6],[68,8,68,9],[68,10,68,11],[69,1,69,2],[69,3,69,4],[69,5,69,6],[69,8,69,9],[69,10,69,11],[70,1,70,2],[70,3,70,4],[70,5,70,6],[70,8,70,9],[70,10,70,11],[71,1,71,2],[71,3,71,4],[71,5,71,6],[71,8,71,9],[71,10,71,11],[72,1,72,2],[72,3,72,4],[72,5,72,6],[72,8,72,9],[72,10,72,11],[73,1,73,2],[73,3,73,4],[73,5,73,6],[73,8,73,9],[73,10,73,11],[74,1,74,2],[74,3,74,4],[74,5,74,6],[74,8,74,9],[74,10,74,11],[75,1,75,2],[75,3,75,4],[75,5,75,6],[75,8,75,9],[75,10,75,11],[76,1,76,2],[76,3,76,4],[76,5,76,6],[76,8,76,9],[76,10,76,11],[77,1,77,2],[77,3,77,4],[77,5,77,6],[77,8,77,9],[77,10,77,11],[78,1,78,2],[78,3,78,4],[78,5,78,6],[78,8,78,9],[78,10,78,11],[79,1,79,2],[79,3,79,4],[79,5,79,6],[79,8,79,9],[79,10,79,11],[80,0,80,11],[81,0,81,13],[82,0,82,1],[82,2,82,3],[82,4,82,5],[82,6,82,8],[82,9,82,10],[82,11,82,13],[83,0,83,10],[83,11,83,13],[84,0,84,13],[85,0,85,5],[85,6,85,10],[85,11,85,13],[86,0,88,0],[86,1,88,2],[86,3,88,4],[86,5,88,6],[86,7,88,7],[86,8,88,9],[86,10,86,13],[87,10,88,11],[87,12,88,12],[89,1,89,2],[89,3,89,4],[89,5,89,6],[89,8,89,9],[89,10,89,11],[90,1,90,2],[90,3,90,4],[90,5,90,6],[90,8,90,9],[90,10,90,11],[91,1,91,2],[91,3,91,4],[91,5,91,6],[91,8,91,9],[91,10,91,11],[92,1,92,2],[92,3,92,4],[92,5,92,6],[92,8,92,9],[92,10,92,11],[93,1,93,2],[93,3,93,4],[93,5,93,6],[93,8,93,9],[93,10,93,11],[94,1,94,2],[94,3,94,4],[94,5,94,6],[94,8,94,9],[94,10,94,11],[95,1,95,2],[95,3,95,4],[95,5,95,6],[95,8,95,9],[95,10,95,11],[96,1,96,2],[96,3,96,4],[96,5,96,6],[96,8,96,9],[96,10,96,11],[97,1,97,2],[97,3,97,4],[97,5,97,6],[97,8,97,9],[97,10,97,11],[98,1,98,2],[98,3,98,4],[98,5,98,6],[98,8,98,9],[98,10,98,11],[99,1,99,2],[99,3,99,4],[99,5,99,6],[99,8,99,9],[99,10,99,11],[100,1,100,2],[100,3,100,4],[100,5,100,6],[100,8,100,9],[100,10,100,11],[101,1,101,2],[101,3,101,4],[101,5,101,6],[101,8,101,9],[101,10,101,11],[102,1,102,2],[102,3,102,4],[102,5,102,6],[102,8,102,9],[102,10,102,11],[103,1,103,2],[103,3,103,4],[103,5,103,6],[103,8,103,9],[103,10,103,11],[104,1,104,2],[104,3,104,4],[104,5,104,6],[104,8,104,9],[104,10,104,11],[105,1,105,2],[105,3,105,4],[105,5,105,6],[105,8,105,9],[105,10,105,11],[106,1,106,2],[106,3,106,4],[106,5,106,6],[106,8,106,9],[106,10,106,11],[107,1,107,2],[107,3,107,4],[107,5,107,6],[107,8,107,9],[107,10,107,11],[108,0,108,11],[109,0,109,13],[110,0,110,1],[110,2,110,3],[110,4,110,5],[110,6,110,8],[110,9,110,10],[110,11,110,13],[111,0,111,10],[111,11,111,13],[112,0,112,13],[113,0,113,5],[113,6,113,10],[113,11,113,13],[114,0,116,0],[114,1,116,2],[114,3,116,4],[114,5,116,6],[114,7,116,7],[114,8,116,9],[114,10,114,13],[115,10,116,11],[115,12,116,12],[117,1,117,2],[117,3,117,4],[117,5,117,6],[117,8,117,9],[117,10,117,11],[118,1,118,2],[118,3,118,4],[118,5,118,6],[118,8,118,9],[118,10,118,11],[119,1,119,2],[119,3,119,4],[119,5,119,6],[119,8,119,9],[119,10,119,11],[120,1,120,2],[120,3,120,4],[120,5,120,6],[120,8,120,9],[120,10,120,11],[121,1,121,2],[121,3,121,4],[121,5,121,6],[121,8,121,9],[121,10,121,11],[122,1,122,2],[122,3,122,4],[122,5,122,6],[122,8,122,9],[122,10,122,11],[123,1,123,2],[123,3,123,4],[123,5,123,6],[123,8,123,9],[123,10,123,11],[124,1,124,2],[124,3,124,4],[124,5,124,6],[124,8,124,9],[124,10,124,11],[125,1,125,2],[125,3,125,4],[125,5,125,6],[125,8,125,9],[125,10,125,11],[126,1,126,2],[126,3,126,4],[126,5,126,6],[126,8,126,9],[126,10,126,11],[127,1,127,2],[127,3,127,4],[127,5,127,6],[127,8,127,9],[127,10,127,11],[128,1,128,2],[128,3,128,4],[128,5,128,6],[128,8,128,9],[128,10,128,11],[129,1,129,2],[129,3,129,4],[129,5,129,6],[129,8,129,9],[129,10,129,11],[130,1,130,2],[130,3,130,4],[130,5,130,6],[130,8,130,9],[130,10,130,11],[131,1,131,2],[131,3,131,4],[131,5,131,6],[131,8,131,9],[131,10,131,11],[132,0,132,11],[133,0,133,13],[134,0,134,1],[134,2,134,3],[134,4,134,5],[134,6,134,8],[134,9,134,10],[134,11,134,13],[135,0,135,10],[135,11,135,13],[136,0,136,13],[137,0,137,5],[137,6,137,10],[137,11,137,13],[138,0,140,0],[138,1,140,2],[138,3,140,4],[138,5,140,6],[138,7,140,7],[138,8,140,9],[138,10,138,13],[139,10,140,11],[139,12,140,12],[141,1,141,2],[141,3,141,4],[141,5,141,6],[141,8,141,9],[141,10,141,11],[142,1,142,2],[142,3,142,4],[142,5,142,6],[142,8,142,9],[142,10,142,11],[143,1,143,2],[143,3,143,4],[143,5,143,6],[143,8,143,9],[143,10,143,11],[144,1,144,2],[144,3,144,4],[144,5,144,6],[144,8,144,9],[144,10,144,11],[145,1,145,2],[145,3,145,4],[145,5,145,6],[145,8,145,9],[145,10,145,11],[146,1,146,2],[146,3,146,4],[146,5,146,6],[146,8,146,9],[146,10,146,11],[147,1,147,2],[147,3,147,4],[147,5,147,6],[147,8,147,9],[147,10,147,11],[148,1,148,2],[148,3,148,4],[148,5,148,6],[148,8,148,9],[148,10,148,11],[149,1,149,2],[149,3,149,4],[149,5,149,6],[149,8,149,9],[149,10,149,11],[150,1,150,2],[150,3,150,4],[150,5,150,6],[150,8,150,9],[150,10,150,11],[151,1,151,2],[151,3,151,4],[151,5,151,6],[151,8,151,9],[151,10,151,11],[152,1,152,2],[152,3,152,4],[152,5,152,6],[152,8,152,9],[152,10,152,11],[153,1,153,2],[153,3,153,4],[153,5,153,6],[153,8,153,9],[153,10,153,11],[154,1,154,2],[154,3,154,4],[154,5,154,6],[154,8,154,9],[154,10,154,11],[155,1,155,2],[155,3,155,4],[155,5,155,6],[155,8,155,9],[155,10,155,11],[156,1,156,2],[156,3,156,4],[156,5,156,6],[156,8,156,9],[156,10,156,11],[157,1,157,2],[157,3,157,4],[157,5,157,6],[157,8,157,9],[157,10,157,11],[158,1,158,2],[158,3,158,4],[158,5,158,6],[158,8,158,9],[158,10,158,11],[159,1,159,2],[159,3,159,4],[159,5,159,6],[159,8,159,9],[159,10,159,11],[160,0,160,11],[161,0,161,13],[162,0,162,1],[162,2,162,3],[162,4,162,5],[162,6,162,8],[162,9,162,10],[162,11,162,13],[163,0,163,10],[163,11,163,13],[164,0,164,13],[165,0,165,5],[165,6,165,10],[165,11,165,13],[166,0,168,0],[166,1,168,2],[166,3,168,4],[166,5,168,6],[166,7,168,7],[166,8,168,9],[166,10,166,13],[167,10,168,11],[167,12,168,12],[169,1,169,2],[169,3,169,4],[169,5,169,6],[169,8,169,9],[169,10,169,11],[170,1,170,2],[170,3,170,4],[170,5,170,6],[170,8,170,9],[170,10,170,11],[171,1,171,2],[171,3,171,4],[171,5,171,6],[171,8,171,9],[171,10,171,11],[172,1,172,2],[172,3,172,4],[172,5,172,6],[172,8,172,9],[172,10,172,11],[173,1,173,2],[173,3,173,4],[173,5,173,6],[173,8,173,9],[173,10,173,11],[174,1,174,2],[174,3,174,4],[174,5,174,6],[174,8,174,9],[174,10,174,11],[175,1,175,2],[175,3,175,4],[175,5,175,6],[175,8,175,9],[175,10,175,11],[176,1,176,2],[176,3,176,4],[176,5,176,6],[176,8,176,9],[176,10,176,11],[177,1,177,2],[177,3,177,4],[177,5,177,6],[177,8,177,9],[177,10,177,11],[178,1,178,2],[178,3,178,4],[178,5,178,6],[178,8,178,9],[178,10,178,11],[179,1,179,2],[179,3,179,4],[179,5,179,6],[179,8,179,9],[179,10,179,11],[180,1,180,2],[180,3,180,4],[180,5,180,6],[180,8,180,9],[180,10,180,11],[181,1,181,2],[181,3,181,4],[181,5,181,6],[181,8,181,9],[181,10,181,11],[182,1,182,2],[182,3,182,4],[182,5,182,6],[182,8,182,9],[182,10,182,11],[183,1,183,2],[183,3,183,4],[183,5,183,6],[183,8,183,9],[183,10,183,11],[184,1,184,2],[184,3,184,4],[184,5,184,6],[184,8,184,9],[184,10,184,11],[185,1,185,2],[185,3,185,4],[185,5,185,6],[185,8,185,9],[185,10,185,11],[186,1,186,2],[186,3,186,4],[186,5,186,6],[186,8,186,9],[186,10,186,11],[187,1,187,2],[187,3,187,4],[187,5,187,6],[187,8,187,9],[187,10,187,11],[188,1,188,2],[188,3,188,4],[188,5,188,6],[188,8,188,9],[188,10,188,11],[189,1,189,2],[189,3,189,4],[189,5,189,6],[189,8,189,9],[189,10,189,11],[190,1,190,2],[190,3,190,4],[190,5,190,6],[190,8,190,9],[190,10,190,11],[191,1,191,2],[191,3,191,4],[191,5,191,6],[191,8,191,9],[191,10,191,11],[192,1,192,2],[192,3,192,4],[192,5,192,6],[192,8,192,9],[192,10,192,11],[193,1,193,2],[193,3,193,4],[193,5,193,6],[193,8,193,9],[193,10,193,11],[194,1,194,2],[194,3,194,4],[194,5,194,6],[194,8,194,9],[194,10,194,11],[195,1,195,2],[195,3,195,4],[195,5,195,6],[195,8,195,9],[195,10,195,11],[196,1,196,2],[196,3,196,4],[196,5,196,6],[196,8,196,9],[196,10,196,11],[197,1,197,2],[197,3,197,4],[197,5,197,6],[197,8,197,9],[197,10,197,11],[198,1,198,2],[198,3,198,4],[198,5,198,6],[198,8,198,9],[198,10,198,11],[199,1,199,2],[199,3,199,4],[199,5,199,6],[199,8,199,9],[199,10,199,11],[200,1,200,2],[200,3,200,4],[200,5,200,6],[200,8,200,9],[200,10,200,11],[201,1,201,2],[201,3,201,4],[201,5,201,6],[201,8,201,9],[201,10,201,11],[202,1,202,2],[202,3,202,4],[202,5,202,6],[202,8,202,9],[202,10,202,11],[203,0,203,11],[204,0,204,11],[205,0,205,13],[206,0,206,1],[206,2,206,3],[206,4,206,5],[206,6,206,8],[206,9,206,10],[206,11,206,13]]}
[]
["分部分项工程和单价措施项目清单与计价表"]
["工程名称：鄂尔多斯影剧院消防改造工程",{"$nulls":5},"标段：",{"$nulls":4},"第  1  页  共  7  页"]
["序号","项目编码",null,"项目名称",null,"项目特征描述",null,"计量单位","工程量",null,"金额（元）"]
[{"$nulls":10},"综合单价",null,"合价","其中"]
[{"$nulls":13},"暂估价"]
[{"$nulls":3},"整个项目"]
[1,"031006015001",null,"水箱",null,"1.名称:玻璃钢水箱\n2.型号、规格:有效容积10m³\n3.基础:10*10槽钢",null,"台",1,null,6318.18,null,6318.18]
[2,"030109001004",null,"喷淋泵",null,"1.名称:喷淋泵\n2.规格:15KW",null,"台",2,null,6621.5,null,13243]
[3,"030109001005",null,"消火栓稳压泵",null,"1.名称：消火栓稳压泵\n2.规格：1.5KW",null,"台",2,null,2835.2,null,5670.4]
[4,"030109001006",null,"喷淋稳压泵",null,"1.名称：喷淋稳压泵\n2.规格：1.5KW",null,"台",2,null,2835.2,null,5670.4]
[5,"031006004001",null,"气压罐",null,"1.名称：气压罐\n2.规格：800m3",null,"台",2,null,6544.19,null,13088.38]
[6,"040801005001",null,"直启控制柜",null,"1.名称:直启控制柜\n2.规格:800*600*200",null,"台",1,null,3756,null,3756]
[7,"040801005002",null,"双电源控制柜",null,"1.名称:双电源控制柜\n2.规格:1500*700*450",null,"台",1,null,10256,null,10256]
[8,"040801005003",null,"自动巡检控制柜",null,"1.名称:自动巡检控制柜\n2.规格:1500*800*450",null,"台",1,null,10256,null,10256]
[9,"030404016001",null,"控制柜",null,"1.名称:控制柜\n2.规格:450*350*200",null,"台",2,null,1754.32,null,3508.64]
[10,"030404016002",null,"液位计控制柜",null,"1.名称:液位计控制柜\n2.规格:450*350*200",null,"台",1,null,1754.32,null,1754.32]
[11,"030404016003",null,"风机控制柜",null,"1.名称:风机控制柜\n2.规格:600*500*200",null,"台",2,null,1754.32,null,3508.64]
[12,"030411003001",null,"桥架",null,"1.名称:电缆桥架\n2.规格:200*100",null,"m",35,null,137.39,null,4808.65]
[13,"030904001001",null,"点型探测器",null,"1.名称：红外光束感烟探测器",null,"个",2,null,647.93,null,1295.86]
[14,"030904001002",null,"点型探测器",null,"1.名称:点型感烟探测器",null,"个",4,null,156.56,null,626.24]
[15,"030904001003",null,"点型探测器",null,"1.名称:点型感温探测器",null,"个",4,null,133.03,null,532.12]
[16,"030904008002",null,"模块(模块箱）",null,"1.名称：风机控制模块",null,"个",4,null,446.86,null,1787.44]
[17,"030404002001",null,"继电器",null,"1.名称:继电器",null,"台",4,null,126.56,null,506.24]
[18,"030904008003",null,"模块(模块箱）",null,"1.名称:模块",null,"个",6,null,394.87,null,2369.22]
[19,"030412004001",null,"装饰灯",null,"1.名称:应急照明灯",null,"套",1,null,332.34,null,332.34]
[20,"030412004002",null,"装饰灯",null,"1.名称:安全出口标志",null,"套",1,null,293.83,null,293.83]
[21,"030408001002",null,"电力电缆",null,"1.名称:电力电缆\n2.规格:YJV6*6",null,"m",100,null,33.15,null,3315]
[22,"030408001003",null,"电力电缆",null,"1.名称:电力电缆\n2.规格:YJV4*4",null,"m",50,null,25.01,null,1250.5]
[23,"03040800100",null,"电力电",null,"1.名称:铜缆",null,"m",210,null,60.39,null,12681]
["本页小计",{"$nulls":11},106829.3]
["注：为计取规费等的使用，可在表中增设其中：“定额人工费”"]
[{"$nulls":11},"表—08"]
[]
["分部分项工程和单价措施项目清单与计价表"]
["工程名称：鄂尔多斯影剧院消防改造工程",{"$nulls":5},"标段：",{"$nulls":4},"第  2  页  共  7  页"]
["序号","项目编码",null,"项目名称",null,"项目特征描述",null,"计量单位","工程量",null,"金额（元）"]
[{"$nulls":10},"综合单价",null,"合价","其中"]
[{"$nulls":13},"暂估价"]
[null,"4",null,"缆",null,"2.规格:YJV3*16+1*10",{"$nulls":6},9]
[24,"030411004012",null,"配线",null,"1.名称：管内穿线\n2.规格：RVS-2*1.5mm²",null,"m",800,null,4.98,null,3984]
[25,"030411004013",null,"配线",null,"1.名称：管内穿线\n2.规格：RVV-8*2mm²",null,"m",520,null,7.19,null,3738.8]
[26,"030411004008",null,"配线",null,"1.名称:控制线\n2.规格:NH-RVV 10*1.5mm²",null,"m",410,null,22.15,null,9081.5]
[27,"030411004009",null,"配线",null,"1.名称:电话线\n2.规格:NH-RVVP 2*1.5mm²",null,"m",410,null,12.91,null,5293.1]
[28,"030411004010",null,"配线",null,"1.名称:配线\n2.规格:NH-RVV  12*1.5mm²",null,"m",350,null,26.03,null,9110.5]
[29,"030411004011",null,"配线",null,"1.名称:配线\n2.规格:NH-RVV  10*2.5mm²",null,"m",350,null,39.05,null,13667.5]
[30,"031001006001",null,"塑料管",null,"1.安装部位:地沟内\n2.材质、规格:PE De50\n3.连接形式:粘接",null,"m",80,null,24.88,null,1990.4]
[31,"031001006002",null,"塑料管",null,"1.安装部位:地沟内\n2.材质、规格:PVC De110\n3.连接形式:粘接",null,"m",50,null,35.35,null,1767.5]
[32,"030609005001",null,"电板热",null,"1.名称:电板热",null,"m",200,null,40.43,null,8086]
[33,"030411001003",null,"配管",null,"1.名称:JDG\n2.规格:50",null,"m",540,null,35.53,null,19186.2]
[34,"030411001002",null,"配管",null,"1.名称：配管\n2.材质：JDG\n3.规格：20",null,"m",1500,null,13.35,null,20025]
[35,"030901001007",null,"水喷淋钢管",null,"1.名称:热镀锌钢管\n2.材质、规格:DN100\n3.连接形式:沟槽连接",null,"m",142.4,null,116.65,null,16610.96]
[36,"031001001001",null,"镀锌钢管",null,"1.名称:热镀锌钢管\n2.规格、压力等级:DN100\n3.连接形式:沟槽连接\n4.压力试验及吹、洗设计要求:水压试验、水冲洗",null,"m",22.6,null,116.65,null,2636.29]
[37,"031001001002",null,"镀锌钢管",null,"1.名称:热镀锌钢管\n2.规格、压力等级:DN65\n3.连接形式:沟槽连接\n4.压力试验及吹、洗设计要求:水压试验、水冲洗",null,"m",13,null,79.96,null,1039.48]
[38,"031001001003",null,"镀锌钢管",null,"1.名称:热镀锌钢管",null,"m",17,null,67.33,null,1144.61]
["本页小计",{"$nulls":11},117361.84]
["注：为计取规费等的使用，可在表中增设其中：“定额人工费”"]
[{"$nulls":11},"表—08"]
[]
["分部分项工程和单价措施项目清单与计价表"]
["工程名称：鄂尔多斯影剧院消防改造工程",{"$nulls":5},"标段：",{"$nulls":4},"第  3  页  共  7  页"]
["序号","项目编码",null,"项目名称",null,"项目特征描述",null,"计量单位","工程量",null,"金额（元）"]
[{"$nulls":10},"综合单价",null,"合价","其中"]
[{"$nulls":13},"暂估价"]
[{"$nulls":5},"2.规格、压力等级:DN50\n3.连接形式:沟槽连接\n4.压力试验及吹、洗设计要求:水压试验、水冲洗"]
[39,"040502002008",null,"钢管管件制作、安装",null,"1.名称:卡箍\n2.材质及规格:DN100",null,"个",141,null,58.8,null,8290.8]
[40,"040502002013",null,"钢管管件制作、安装",null,"1.名称:弯头\n2.材质及规格:DN100",null,"个",32,null,93.03,null,2976.96]
[41,"040502002010",null,"钢管管件制作、安装",null,"1.名称:机三\n2.材质及规格:DN100",null,"个",10,null,70.92,null,709.2]
[42,"040502002011",null,"钢管管件制作、安装",null,"1.名称:正三通\n2.材质及规格:DN100",null,"个",5,null,93.03,null,465.15]
[43,"031003003011",null,"对夹蝶阀",null,"1.名称:对夹蝶阀\n2.规格、压力等级:DN100\n3.连接形式:沟槽连接",null,"个",2,null,318.52,null,637.04]
[44,"031003003012",null,"止回阀",null,"1.名称:止回阀\n2.规格、压力等级:DN100\n3.连接形式:沟槽连接",null,"个",2,null,505.59,null,1011.18]
[45,"031003003013",null,"蝶阀",null,"1.名称:蝶阀\n2.规格、压力等级:DN100\n3.连接形式:沟槽连接",null,"个",2,null,318.52,null,637.04]
[46,"031003003014",null,"明杆闸阀",null,"1.名称:明杆闸阀\n2.规格、压力等级:DN100\n3.连接形式:沟槽连接",null,"个",2,null,389.16,null,778.32]
[47,"031003003015",null,"明杆闸阀",null,"1.名称:明杆闸阀\n2.规格、压力等级:DN65\n3.连接形式:法兰连接",null,"个",2,null,224.43,null,448.86]
[48,"031003003016",null,"流量监控器",null,"1.名称:流量监控器\n2.规格、压力等级:DN100\n3.连接形式:法兰连接",null,"个",2,null,590.75,null,1181.5]
[49,"031003003017",null,"焊接法兰阀门",null,"1.名称:闸阀\n2.规格、压力等级:DN50\n3.连接形式:法兰连接",null,"个",10,null,163.06,null,1630.6]
[50,"031003003018",null,"焊接法兰阀门",null,"1.名称:止回阀\n2.规格、压力等级:DN50\n3.连接形式:法兰连接",null,"个",4,null,226.76,null,907.04]
[51,"031003003019",null,"焊接法兰阀门",null,"1.名称:逆止阀\n2.规格、压力等级:DN50\n3.连接形式:法兰连接",null,"个",4,null,226.76,null,907.04]
[52,"031003003020",null,"焊接法兰阀门",null,"1.名称:泄水阀\n2.规格、压力等级:DN65\n3.连接形式:法兰连接",null,"个",1,null,236.27,null,236.27]
[53,"031003010003",null,"软接头(软管）",null,"1.名称:软接头",null,"个",8,null,90.11,null,720.88]
["本页小计",{"$nulls":11},21537.88]
["注：为计取规费等的使用，可在表中增设其中：“定额人工费”"]
[{"$nulls":11},"表—08"]
[]
["分部分项工程和单价措施项目清单与计价表"]
["工程名称：鄂尔多斯影剧院消防改造工程",{"$nulls":5},"标段：",{"$nulls":4},"第  4  页  共  7  页"]
["序号","项目编码",null,"项目名称",null,"项目特征描述",null,"计量单位","工程量",null,"金额（元）"]
[{"$nulls":10},"综合单价",null,"合价","其中"]
[{"$nulls":13},"暂估价"]
[{"$nulls":5},"2.规格:DN50\n3.连接形式:法兰连接"]
[54,"030601002003",null,"压力仪表",null,"1.名称：压力表",null,"台",4,null,133.45,null,533.8]
[55,"030601002004",null,"压力仪表",null,"1.名称:电接点压力表",null,"台",2,null,181.98,null,363.96]
[56,"031003011008",null,"法兰",null,"1.名称:法兰\n2.规格、压力等级:DN100",null,"副",14,null,260.07,null,3640.98]
[57,"031002003007",null,"套管",null,"1.名称、类型:打洞\n2.规格:DN100",null,"个",8,null,42.89,null,343.12]
[58,"031002003008",null,"套管",null,"1.名称、类型:套管\n2.规格:DN100",null,"个",8,null,92.72,null,741.76]
[59,"031002001004",null,"管道支架",null,"1.名称:管道支架",null,"kg",379.62,null,21.58,null,8192.2]
[60,"010802003001",null,"甲级钢质防火门",null,"1.甲级钢质防火门\n2.规格：双向开启",null,"m2",18,null,528.23,null,9508.14]
[61,"010801006001",null,"门把手",null,"1.名称:门把手",null,"个",18,null,53.09,null,955.62]
[62,"030901001003",null,"水喷淋钢管",null,"1.安装部位:地沟内\n2.名称:热镀锌钢管\n3.材质、规格:DN100\n4.连接形式:沟槽连接",null,"m",535,null,123.58,null,66115.3]
[63,"030901001005",null,"水喷淋钢管",null,"1.安装部位:地沟内\n2.名称:热镀锌钢管\n3.材质、规格:DN150\n4.连接形式:沟槽连接",null,"m",160,null,191.35,null,30616]
[64,"030901001006",null,"水喷淋钢管",null,"1.安装部位:地沟内\n2.名称:热镀锌钢管\n3.材质、规格:DN65\n4.连接形式:沟槽连接",null,"m",7,null,85.79,null,600.53]
[65,"040502002003",null,"钢管管件制作、安装",null,"1.安装部位:地沟内\n2.名称:卡箍\n3.材质及规格:DN100",null,"个",170,null,66.72,null,11342.4]
[66,"040502002007",null,"钢管管件制作、安装",null,"1.安装部位:地沟内\n2.名称:三通\n3.材质及规格:DN100",null,"个",12,null,99.95,null,1199.4]
[67,"040502002005",null,"钢管管件制作、安装",null,"1.安装部位:地沟内\n2.名称:卡箍\n3.材质及规格:DN150",null,"个",45,null,108.86,null,4898.7]
[68,"040502002004",null,"钢管管件制作、安装",null,"1.名称:弯头\n2.材质及规格:DN100",null,"个",84,null,100.95,null,8479.8]
[69,"040502002006",null,"钢管管件制作、安装",null,"1.名称:弯头\n2.材质及规格:DN150",null,"个",12,null,160.21,null,1922.52]
[70,"031002003004",null,"套管",null,"1.名称、类型:套管\n2.规格:DN100",null,"个",8,null,100.77,null,806.16]
[71,"031002003005",null,"套管",null,"1.名称、类型:套管",null,"个",1,null,176.11,null,176.11]
["本页小计",{"$nulls":11},150436.5]
["注：为计取规费等的使用，可在表中增设其中：“定额人工费”"]
[{"$nulls":11},"表—08"]
[]
["分部分项工程和单价措施项目清单与计价表"]
["工程名称：鄂尔多斯影剧院消防改造工程",{"$nulls":5},"标段：",{"$nulls":4},"第  5  页  共  7  页"]
["序号","项目编码",null,"项目名称",null,"项目特征描述",null,"计量单位","工程量",null,"金额（元）"]
[{"$nulls":10},"综合单价",null,"合价","其中"]
[{"$nulls":13},"暂估价"]
[{"$nulls":5},"2.规格:DN150"]
[72,"031002001003",null,"管道支架",null,"1.名称:管道支架",null,"kg",620.38,null,24.14,null,14975.97]
[73,"031003003021",null,"闸阀",null,"1.名称:蝶阀\n2.规格、压力等级:DN100\n3.连接形式:法兰连接",null,"个",15,null,306.12,null,4591.8]
[74,"031003003004",null,"闸阀",null,"1.名称:闸阀\n2.规格、压力等级:DN65\n3.连接形式:法兰连接",null,"个",1,null,216.97,null,216.97]
[75,"031003011004",null,"法兰",null,"1.名称:法兰\n2.规格、压力等级:DN65",null,"副",1,null,194.2,null,194.2]
[76,"030601002001",null,"压力仪表",null,"1.安装部位:地沟内\n2.名称:电接点压力表",null,"台",1,null,200.46,null,200.46]
[77,"030601002002",null,"压力仪表",null,"1.安装部位:地沟内\n2.名称:普通压力表",null,"台",1,null,142.36,null,142.36]
[78,"030901004001",null,"湿式报警阀",null,"1.安装部位:地沟内\n2.类型:湿式报警阀\n3.规格、压力等级:DN150",null,"组",1,null,3044.88,null,3044.88]
[79,"031003003005",null,"信号蝶阀",null,"1.安装部位:地沟内\n2.类型:信号蝶阀\n3.规格、压力等级:DN150\n4.连接形式:法兰连接",null,"个",2,null,491.68,null,983.36]
[80,"031003003006",null,"闸阀",null,"1.安装部位:地沟内\n2.类型:闸阀\n3.规格、压力等级:DN150\n4.连接形式:法兰连接",null,"个",1,null,536.77,null,536.77]
[81,"031003003007",null,"闸阀",null,"1.安装部位:地沟内\n2.类型:闸阀\n3.规格、压力等级:DN150\n4.连接形式:沟槽连接",null,"个",4,null,572.38,null,2289.52]
[82,"031003003008",null,"止回阀",null,"1.安装部位:地沟内\n2.类型:止回阀\n3.规格、压力等级:DN150\n4.连接形式:法兰连接",null,"个",2,null,669.16,null,1338.32]
[83,"031003003009",null,"安全阀",null,"1.安装部位:地沟内\n2.类型:安全阀\n3.规格、压力等级:DN65\n4.连接形式:法兰连接",null,"个",1,null,412.26,null,412.26]
[84,"031003003010",null,"过滤器",null,"1.名称:过滤器\n2.规格、压力等级:DN150\n3.连接形式:法兰连接",null,"个",2,null,419.38,null,838.76]
[85,"031003010002",null,"软连接",null,"1.名称:软连接\n2.规格:DN150\n3.连接形式:法兰连接",null,"个",4,null,326.92,null,1307.68]
["本页小计",{"$nulls":11},31073.31]
["注：为计取规费等的使用，可在表中增设其中：“定额人工费”"]
[{"$nulls":11},"表—08"]
[]
["分部分项工程和单价措施项目清单与计价表"]
["工程名称：鄂尔多斯影剧院消防改造工程",{"$nulls":5},"标段：",{"$nulls":4},"第  6  页  共  7  页"]
["序号","项目编码",null,"项目名称",null,"项目特征描述",null,"计量单位","工程量",null,"金额（元）"]
[{"$nulls":10},"综合单价",null,"合价","其中"]
[{"$nulls":13},"暂估价"]
[86,"031003011005",null,"法兰",null,"1.名称:法兰\n2.规格、压力等级:DN150",null,"副",5,null,464.43,null,2322.15]
[87,"031003011006",null,"法兰",null,"1.名称:法兰\n2.规格、压力等级:DN80",null,"副",1,null,224.39,null,224.39]
[88,"031003011007",null,"法兰",null,"1.名称:法兰\n2.规格、压力等级:DN65",null,"副",1,null,194.2,null,194.2]
[89,"031003001007",null,"弯头",null,"1.名称:弯头\n2.规格、压力等级:DN100",null,"个",24,null,100.95,null,2422.8]
[90,"031003001008",null,"大小头DN150*100",null,"1.名称:大小头\n2.规格、压力等级:DN150*100",null,"个",1,null,125.54,null,125.54]
[91,"031003001009",null,"大小头DN150*125",null,"1.名称:大小头\n2.规格、压力等级:DN150*125",null,"个",1,null,136.84,null,136.84]
[92,"031003001013",null,"大小头DN150*125",null,"1.名称:大小头\n2.规格、压力等级:DN100*65",null,"个",2,null,71.22,null,142.44]
[93,"031003001010",null,"三通DN150",null,"1.名称:三通\n2.规格、压力等级:DN150",null,"个",3,null,160.21,null,480.63]
[94,"031003001011",null,"机三DN150*65",null,"1.名称:机三\n2.规格、压力等级:DN150*65",null,"个",1,null,127.04,null,127.04]
[95,"031003001012",null,"卡箍DN150*80",null,"1.名称:卡箍\n2.规格、压力等级:DN150*80",null,"个",4,null,108.86,null,435.44]
[96,"031208002001",null,"管道绝热",null,"1.绝热材料品种:橡塑海绵保温\n2.绝热厚度:50mm\n3.管道外径:DN150",null,"m3",1.5,null,1547.26,null,2320.89]
[97,"031202002001",null,"管道防腐蚀",null,"1.名称:三油两布",null,"m2",50,null,68.91,null,3445.5]
[98,"041001006001",null,"拆除管道 DN100",null,"1.安装部位:地沟内\n2.材质:气割拆除镀锌钢管\n3.管径:DN100",null,"m",430,null,17.19,null,7391.7]
[99,"011610001001",null,"木门窗拆除",null,"拆除木门",null,"樘",6,null,26,null,156]
[100,"011207001001",null,"墙面装饰板",null,"防火门收口\n用双层双向木工板制作安装，木龙骨",null,"m2",14,null,209.55,null,2933.7]
[101,"010808001001",null,"木门窗套",null,"安装防火门套线",null,"m2",18,null,178.81,null,3218.58]
[102,"011102003001",null,"块料楼地面",null,"铺800*800地砖",null,"m2",5,null,125.99,null,629.95]
[103,"011407001001",null,"墙面喷刷涂料",null,"墙面刮腻子2遍，防火涂料2遍",null,"m2",10,null,20.58,null,205.8]
[104,"03070400100",null,"通风工程检测、",{"$nulls":3},"系统",4,null,225.98,null,903.9]
["本页小计",{"$nulls":11},27817.51]
["注：为计取规费等的使用，可在表中增设其中：“定额人工费”"]
[{"$nulls":11},"表—08"]
[]
["分部分项工程和单价措施项目清单与计价表"]
["工程名称：鄂尔多斯影剧院消防改造工程",{"$nulls":5},"标段：",{"$nulls":4},"第  7  页  共  7  页"]
["序号","项目编码",null,"项目名称",null,"项目特征描述",null,"计量单位","工程量",null,"金额（元）"]
[{"$nulls":10},"综合单价",null,"合价","其中"]
[{"$nulls":13},"暂估价"]
[null,"1",null,"调试",{"$nulls":8},2]
[105,"030704001002",null,"通风工程检测、调试",{"$nulls":3},"系统",4,null,207.46,null,829.84]
[106,"030905002001",null,"水灭火控制装置调试",{"$nulls":3},"点",4,null,36.16,null,144.64]
[{"$nulls":3},"分部小计",{"$nulls":8},456030.82]
[{"$nulls":3},"措施项目"]
[107,"031301017001",null,"脚手架搭拆",{"$nulls":3},"项",1,null,4771.34,null,4771.34]
[{"$nulls":3},"分部小计",{"$nulls":8},4771.34]
{"$rows_empty":27}
["本页小计",{"$nulls":11},5745.82]
["合   计",{"$nulls":11},460802.16]
["注：为计取规费等的使用，可在表中增设其中：“定额人工费”"]
[{"$nulls":11},"表—08"]

{"sheet":"蒙-5 未计价主材汇总表","index":6,"n_rows":128,"n_cols":9,"rows_kept":128,"merged":[[0,0,0,8],[1,0,1,1],[1,2,1,5],[1,6,1,8],[2,1,2,2],[2,5,2,6],[3,1,3,2],[3,5,3,6],[4,1,4,2],[4,5,4,6],[5,1,5,2],[5,5,5,6],[6,1,6,2],[6,5,6,6],[7,1,7,2],[7,5,7,6],[8,1,8,2],[8,5,8,6],[9,1,9,2],[9,5,9,6],[10,1,10,2],[10,5,10,6],[11,1,11,2],[11,5,11,6],[12,1,12,2],[12,5,12,6],[13,1,13,2],[13,5,13,6],[14,1,14,2],[14,5,14,6],[15,1,15,2],[15,5,15,6],[16,1,16,2],[16,5,16,6],[17,1,17,2],[17,5,17,6],[18,1,18,2],[18,5,18,6],[19,1,19,2],[19,5,19,6],[20,1,20,2],[20,5,20,6],[21,1,21,2],[21,5,21,6],[22,1,22,2],[22,5,22,6],[23,1,23,2],[23,5,23,6],[24,1,24,2],[24,5,24,6],[25,1,25,2],[25,5,25,6],[26,1,26,2],[26,5,26,6],[27,1,27,2],[27,5,27,6],[28,1,28,2],[28,5,28,6],[29,1,29,2],[29,5,29,6],[30,1,30,2],[30,5,30,6],[31,1,31,2],[31,5,31,6],[32,1,32,2],[32,5,32,6],[33,1,33,2],[33,5,33,6],[34,1,34,2],[34,5,34,6],[35,1,35,2],[35,5,35,6],[36,1,36,2],[36,5,36,6],[37,1,37,2],[37,5,37,6],[38,1,38,2],[38,5,38,6],[39,1,39,2],[39,5,39,6],[40,1,40,2],[40,5,40,6],[41,1,41,2],[41,5,41,6],[42,1,42,2],[42,5,42,6],[43,1,43,2],[43,5,43,6],[44,1,44,2],[44,5,44,6],[45,0,45,8],[46,0,46,1],[46,2,46,5],[46,6,46,8],[47,1,47,2],[47,5,47,6],[48,1,48,2],[48,5,48,6],[49,1,49,2],[49,5,49,6],[50,1,50,2],[50,5,50,6],[51,1,51,2],[51,5,51,6],[52,1,52,2],[52,5,52,6],[53,1,53,2],[53,5,53,6],[54,1,54,2],[54,5,54,6],[55,1,55,2],[55,5,55,6],[56,1,56,2],[56,5,56,6],[57,1,57,2],[57,5,57,6],[58,1,58,2],[58,5,58,6],[59,1,59,2],[59,5,59,6],[60,1,60,2],[60,5,60,6],[61,1,61,2],[61,5,61,6],[62,1,62,2],[62,5,62,6],[63,1,63,2],[63,5,63,6],[64,1,64,2],[64,5,64,6],[65,1,65,2],[65,5,65,6],[66,1,66,2],[66,5,66,6],[67,1,67,2],[67,5,67,6],[68,1,68,2],[68,5,68,6],[69,1,69,2],[69,5,69,6],[70,1,70,2],[70,5,70,6],[71,1,71,2],[71,5,71,6],[72,1,72,2],[72,5,72,6],[73,1,73,2],[73,5,73,6],[74,1,74,2],[74,5,74,6],[75,1,75,2],[75,5,75,6],[76,1,76,2],[76,5,76,6],[77,1,77,2],[77,5,77,6],[78,1,78,2],[78,5,78,6],[79,1,79,2],[79,5,79,6],[80,1,80,2],[80,5,80,6],[81,1,81,2],[81,5,81,6],[82,1,82,2],[82,5,82,6],[83,1,83,2],[83,5,83,6],[84,1,84,2],[84,5,84,6],[85,1,85,2],[85,5,85,6],[86,0,86,8],[87,0,87,1],[87,2,87,5],[87,6,87,8],[88,1,88,2],[88,5,88,6],[89,1,89,2],[89,5,89,6],[90,1,90,2],[90,5,90,6],[91,1,91,2],[91,5,91,6],[92,1,92,2],[92,5,92,6],[93,1,93,2],[93,5,93,6],[94,1,94,2],[94,5,94,6],[95,1,95,2],[95,5,95,6],[96,1,96,2],[96,5,96,6],[97,1,97,2],[97,5,97,6],[98,1,98,2],[98,5,98,6],[99,1,99,2],[99,5,99,6],[100,1,100,2],[100,5,100,6],[101,1,101,2],[101,5,101,6],[102,1,102,2],[102,5,102,6],[103,1,103,2],[103,5,103,6],[104,1,104,2],[104,5,104,6],[105,1,105,2],[105,5,105,6],[106,1,106,2],[106,5,106,6],[107,1,107,2],[107,5,107,6],[108,1,108,2],[108,5,108,6],[109,1,109,2],[109,5,109,6],[110,1,110,2],[110,5,110,6],[111,1,111,2],[111,5,111,6],[112,1,112,2],[112,5,112,6],[113,1,113,2],[113,5,113,6],[114,1,114,2],[114,5,114,6],[115,1,115,2],[115,5,115,6],[116,1,116,2],[116,5,116,6],[117,1,117,2],[117,5,117,6],[118,1,118,2],[118,5,118,6],[119,1,119,2],[119,5,119,6],[120,1,120,2],[120,5,120,6],[121,1,121,2],[121,5,121,6],[122,1,122,2],[122,5,122,6],[123,1,123,2],[123,5,123,6],[124,1,124,2],[124,5,124,6],[125,1,125,2],[125,5,125,6],[126,1,126,2],[126,5,126,6],[127,1,127,2],[127,5,127,6]]}
["未计价主材汇总表"]
["工程名称:鄂尔多斯影剧院消防改造工程",{"$nulls":5},"第1页 共3页"]
["序号","材料名称",null,"规格","单位","数量",null,"市场价","市场价合价"]
[1,"基础槽(角)钢",null,"10*10","m",60.6,null,59,3575.4]
[2,"基础槽(角)钢",null,"10*10","m",10.908,null,59,643.57]
[3,"钢板综合",null,null,"kg",6,null,5.965,35.79]
[4,"钢板综合",null,null,"kg",1.08,null,5.965,6.44]
[5,"门把手",null,null,"把",18.18,null,45,818.1]
[6,"橡塑管壳",null,null,"m3",1.545,null,800,1236]
[7,"电热带",null,null,"m",200.8,null,18.68,3750.94]
[8,"热镀锌钢管",null,"DN100","m",22.939,null,76.68,1758.96]
[9,"热镀锌钢管",null,"DN65","m",13.195,null,46.93,619.24]
[10,"热镀锌钢管",null,"DN50","m",17.255,null,34.49,595.12]
[11,"热镀锌钢管",null,"DN65","m",7.105,null,46.93,333.44]
[12,"热镀锌钢管",null,"DN150","m",161.6,null,130.09,21022.54]
[13,"热镀锌钢管",null,"DN100","m",543.025,null,76.68,41639.16]
[14,"热镀锌钢管",null,"DN100","m",144.536,null,76.68,11083.02]
[15,"PE De50",null,null,"m",81.6,null,13.84,1129.34]
[16,"PVC De110",null,null,"m",49.65,null,25.07,1244.73]
[17,"卡箍",null,"DN100","套",312.555,null,18.94,5919.79]
[18,"弯头",null,"DN150","套",12.06,null,79.5,958.77]
[19,"大小头DN150*100",null,null,"套",1.005,null,45,45.23]
[20,"大小头DN150*125",null,null,"套",1.005,null,56.25,56.53]
[21,"三通DN150",null,null,"套",3.015,null,79.5,239.69]
[22,"机三DN150*65",null,null,"套",1.005,null,46.5,46.73]
[23,"卡箍DN150*80",null,null,"套",4.02,null,28.41,114.21]
[24,"三通",null,"DN100","套",12.06,null,52,627.12]
[25,"大小头DN100*65",null,null,"套",2.01,null,23.41,47.05]
[26,"弯头",null,"DN100","套",116.58,null,53,6178.74]
[27,"机三",null,"DN100","套",10.05,null,31,311.55]
[28,"正三通",null,"DN100","套",5.025,null,53,266.33]
[29,"弯头",null,"DN100","套",24.12,null,53,1278.36]
[30,"卡箍",null,"DN150","套",45.225,null,28.41,1284.84]
[31,"明杆闸阀",null,"DN65","个",2,null,172.89,345.78]
[32,"闸阀",null,"DN65","个",1,null,157.34,157.34]
[33,"信号蝶阀",null,"DN150","个",2,null,318,636]
[34,"闸阀",null,"DN150","个",1,null,363.09,363.09]
[35,"止回阀",null,"DN150","个",2,null,495.48,990.96]
[36,"安全阀",null,"DN65","个",1,null,352.63,352.63]
[37,"过滤器",null,"DN150","个",2,null,248.95,497.9]
[38,"止回阀",null,"DN50","个",4,null,184.73,738.92]
[39,"逆止阀",null,"DN50","个",4,null,184.73,738.92]
[40,"泄水阀",null,"DN65","个",1,null,184.73,184.73]
[41,"闸阀",null,"DN50","个",10,null,121.03,1210.3]
[42,"流量监控器",null,"DN100","个",2,null,495,990]
["未计价主材汇总表"]
["工程名称:鄂尔多斯影剧院消防改造工程",{"$nulls":5},"第2页 共3页"]
["序号","材料名称",null,"规格","单位","数量",null,"市场价","市场价合价"]
[43,"对夹蝶阀",null,"DN100","个",2,null,195.36,390.72]
[44,"闸阀",null,"DN150","个",4,null,341.6,1366.4]
[45,"止回阀",null,"DN100","个",2,null,382.43,764.86]
[46,"明杆闸阀",null,"DN100","个",2,null,266,532]
[47,"蝶阀",null,"DN100","个",2,null,195.36,390.72]
[48,"蝶阀",null,"DN100","个",15,null,195.36,2930.4]
[49,"卡箍式法兰",null,"DN150","片",2,null,151.63,303.26]
[50,"碳钢平焊法兰",null,"DN100","片",28,null,86.8,2430.4]
[51,"碳钢平焊法兰",null,"DN65","片",4,null,61.11,244.44]
[52,"碳钢平焊法兰",null,"DN80","片",2,null,70.33,140.66]
[53,"碳钢平焊法兰",null,"DN150","片",10,null,151.63,1516.3]
[54,"点型探测器感烟",null,null,"个",4,null,106.38,425.52]
[55,"点型探测器感温",null,null,"个",4,null,82.81,331.24]
[56,"红外光束感烟探测器",null,null,"对",2,null,146.12,292.24]
[57,"湿式报警阀",null,"DN150","套",1,null,1792.41,1792.41]
[58,"模块",null,null,"个",10,null,112.74,1127.4]
[59,"仪表接头",null,null,"套",8,null,34.09,272.72]
[60,"取源部件",null,null,"套",8,null,45.46,363.68]
[61,"应急照明灯",null,null,"套",1.01,null,299.69,302.69]
[62,"安全出口标志",null,null,"套",1.01,null,261.56,264.18]
[63,"铜芯多股绝缘电线",null,"RVV-8*2mm²","m",561.6,null,5.42,3043.87]
[64,"铜芯多股绝缘电线",null,"RVS-2*1.5mm²","m",864,null,3.37,2911.68]
[65,"NH-RVVP 2*1.5mm²",null,null,"m",442.8,null,10.71,4742.39]
[66,"NH-RVV 10*1.5mm²",null,null,"m",442.8,null,18,7970.4]
[67,"NH-RVV  12*1.5mm²",null,null,"m",378,null,21.6,8164.8]
[68,"NH-RVV  10*2.5mm²",null,null,"m",378,null,33.5,12663]
[69,"电力电缆",null,"YJV6*6","m",101,null,27.56,2783.56]
[70,"电力电缆",null,"YJV4*4","m",50.5,null,19.5,984.75]
[71,"YJV3*16+1*10",null,null,"m",212.1,null,52,11029.2]
[72,"电缆桥架",null,"200*100","m",35.35,null,101.48,3587.32]
[73,"玻璃钢水箱 有效容积9m3",null,null,"个",1,null,4500,4500]
[74,"继电器",null,null,"台",4,null,65,260]
[75,"建筑垃圾",null,null,"m3",0.096]
[76,"喷淋泵",null,"15KW","台",2,null,3200,6400]
[77,"消火栓稳压泵",null,"1.5KW","台",2,null,2000,4000]
[78,"直启控制柜",null,"800*600*200","台",1,null,2500,2500]
[79,"双电源控制柜",null,"1500*700*450","台",1,null,9000,9000]
[80,"自动巡检控制柜",null,"1500*800*450","台",1,null,9000,9000]
["未计价主材汇总表"]
["工程名称:鄂尔多斯影剧院消防改造工程",{"$nulls":5},"第3页 共3页"]
["序号","材料名称",null,"规格","单位","数量",null,"市场价","市场价合价"]
[81,"喷淋稳压泵",null,"1.5KW","台",2,null,2000,4000]
[82,"控制柜",null,"450*350*200","台",2,null,1500,3000]
[83,"液位计控制柜",null,"450*350*200","台",1,null,1500,1500]
[84,"风机控制柜",null,"450*350*200","台",2,null,1500,3000]
[85,"气压罐 罐体直径800mm以内",null,null,"台",2,null,5000,10000]
{"$rows_empty":33}
[null,"合计",{"$nulls":6},245296.51]

{"sheet":"蒙-8 分部分项工程量清单综合单价分析表（带子目）","index":7,"n_rows":317,"n_cols":14,"rows_kept":317,"merged":[[0,0,0,13],[1,0,1,4],[1,5,1,8],[1,9,1,13],[2,0,3,0],[2,1,3,1],[2,2,3,2],[2,3,3,3],[2,4,3,5],[2,6,3,6],[2,7,3,7],[2,8,2,13],[3,8,3,9],[4,4,4,5],[4,8,4,9],[5,4,5,5],[5,8,5,9],[6,4,6,5],[6,8,6,9],[7,4,7,5],[7,8,7,9],[8,4,8,5],[8,8,8,9],[9,4,9,5],[9,8,9,9],[10,4,10,5],[10,8,10,9],[11,4,11,5],[11,8,11,9],[12,4,12,5],[12,8,12,9],[13,4,13,5],[13,8,13,9],[14,4,14,5],[14,8,14,9],[15,4,15,5],[15,8,15,9],[16,4,16,5],[16,8,16,9],[17,4,17,5],[17,8,17,9],[18,4,18,5],[18,8,18,9],[19,4,19,5],[19,8,19,9],[20,0,20,13],[21,0,21,4],[21,5,21,8],[21,9,21,13],[22,0,23,0],[22,1,23,1],[22,2,23,2],[22,3,23,3],[22,4,23,5],[22,6,23,6],[22,7,23,7],[22,8,22,13],[23,8,23,9],[24,4,24,5],[24,8,24,9],[25,4,25,5],[25,8,25,9],[26,4,26,5],[26,8,26,9],[27,4,27,5],[27,8,27,9],[28,4,28,5],[28,8,28,9],[29,4,29,5],[29,8,29,9],[30,4,30,5],[30,8,30,9],[31,4,31,5],[31,8,31,9],[32,4,32,5],[32,8,32,9],[33,4,33,5],[33,8,33,9],[34,4,34,5],[34,8,34,9],[35,4,35,5],[35,8,35,9],[36,4,36,5],[36,8,36,9],[37,4,37,5],[37,8,37,9],[38,4,38,5],[38,8,38,9],[39,4,39,5],[39,8,39,9],[40,4,40,5],[40,8,40,9],[41,4,41,5],[41,8,41,9],[42,4,42,5],[42,8,42,9],[43,4,43,5],[43,8,43,9],[44,4,44,5],[44,8,44,9],[45,0,45,13],[46,0,46,4],[46,5,46,8],[46,9,46,13],[47,0,48,0],[47,1,48,1],[47,2,48,2],[47,3,48,3],[47,4,48,5],[47,6,48,6],[47,7,48,7],[47,8,47,13],[48,8,48,9],[49,4,49,5],[49,8,49,9],[50,4,50,5],[50,8,50,9],[51,4,51,5],[51,8,51,9],[52,4,52,5],[52,8,52,9],[53,4,53,5],[53,8,53,9],[54,4,54,5],[54,8,54,9],[55,4,55,5],[55,8,55,9],[56,4,56,5],[56,8,56,9],[57,4,57,5],[57,8,57,9],[58,4,58,5],[58,8,58,9],[59,4,59,5],[59,8,59,9],[60,4,60,5],[60,8,60,9],[61,4,61,5],[61,8,61,9],[62,4,62,5],[62,8,62,9],[63,0,63,13],[64,0,64,4],[64,5,64,8],[64,9,64,13],[65,0,66,0],[65,1,66,1],[65,2,66,2],[65,3,66,3],[65,4,66,5],[65,6,66,6],[65,7,66,7],[65,8,65,13],[66,8,66,9],[67,4,67,5],[67,8,67,9],[68,4,68,5],[68,8,68,9],[69,4,69,5],[69,8,69,9],[70,4,70,5],[70,8,70,9],[71,4,71,5],[71,8,71,9],[72,4,72,5],[72,8,72,9],[73,4,73,5],[73,8,73,9],[74,4,74,5],[74,8,74,9],[75,4,75,5],[75,8,75,9],[76,4,76,5],[76,8,76,9],[77,4,77,5],[77,8,77,9],[78,4,78,5],[78,8,78,9],[79,4,79,5],[79,8,79,9],[80,4,80,5],[80,8,80,9],[81,4,81,5],[81,8,81,9],[82,0,82,13],[83,0,83,4],[83,5,83,8],[83,9,83,13],[84,0,85,0],[84,1,85,1],[84,2,85,2],[84,3,85,3],[84,4,85,5],[84,6,85,6],[84,7,85,7],[84,8,84,13],[85,8,85,9],[86,4,86,5],[86,8,86,9],[87,4,87,5],[87,8,87,9],[88,4,88,5],[88,8,88,9],[89,4,89,5],[89,8,89,9],[90,4,90,5],[90,8,90,9],[91,4,91,5],[91,8,91,9],[92,4,92,5],[92,8,92,9],[93,4,93,5],[93,8,93,9],[94,4,94,5],[94,8,94,9],[95,4,95,5],[95,8,95,9],[96,4,96,5],[96,8,96,9],[97,0,97,13],[98,0,98,4],[98,5,98,8],[98,9,98,13],[99,0,100,0],[99,1,100,1],[99,2,100,2],[99,3,100,3],[99,4,100,5],[99,6,100,6],[99,7,100,7],[99,8,99,13],[100,8,100,9],[101,4,101,5],[101,8,101,9],[102,4,102,5],[102,8,102,9],[103,4,103,5],[103,8,103,9],[104,4,104,5],[104,8,104,9],[105,4,105,5],[105,8,105,9],[106,4,106,5],[106,8,106,9],[107,4,107,5],[107,8,107,9],[108,4,108,5],[108,8,108,9],[109,4,109,5],[109,8,109,9],[110,4,110,5],[110,8,110,9],[111,4,111,5],[111,8,111,9],[112,0,112,13],[113,0,113,4],[113,5,113,8],[113,9,113,13],[114,0,115,0],[114,1,115,1],[114,2,115,2],[114,3,115,3],[114,4,115,5],[114,6,115,6],[114,7,115,7],[114,8,114,13],[115,8,115,9],[116,4,116,5],[116,8,116,9],[117,4,117,5],[117,8,117,9],[118,4,118,5],[118,8,118,9],[119,4,119,5],[119,8,119,9],[120,4,120,5],[120,8,120,9],[121,4,121,5],[121,8,121,9],[122,4,122,5],[122,8,122,9],[123,4,123,5],[123,8,123,9],[124,4,124,5],[124,8,124,9],[125,4,125,5],[125,8,125,9],[126,4,126,5],[126,8,126,9],[127,4,127,5],[127,8,127,9],[128,4,128,5],[128,8,128,9],[129,4,129,5],[129,8,129,9],[130,4,130,5],[130,8,130,9],[131,4,131,5],[131,8,131,9],[132,0,132,13],[133,0,133,4],[133,5,133,8],[133,9,133,13],[134,0,135,0],[134,1,135,1],[134,2,135,2],[134,3,135,3],[134,4,135,5],[134,6,135,6],[134,7,135,7],[134,8,134,13],[135,8,135,9],[136,4,136,5],[136,8,136,9],[137,4,137,5],[137,8,137,9],[138,4,138,5],[138,8,138,9],[139,4,139,5],[139,8,139,9],[140,4,140,5],[140,8,140,9],[141,4,141,5],[141,8,141,9],[142,4,142,5],[142,8,142,9],[143,4,143,5],[143,8,143,9],[144,4,144,5],[144,8,144,9],[145,4,145,5],[145,8,145,9],[146,4,146,5],[146,8,146,9],[147,4,147,5],[147,8,147,9],[148,4,148,5],[148,8,148,9],[149,4,149,5],[149,8,149,9],[150,4,150,5],[150,8,150,9],[151,4,151,5],[151,8,151,9],[152,0,152,13],[153,0,153,4],[153,5,153,8],[153,9,153,13],[154,0,155,0],[154,1,155,1],[154,2,155,2],[154,3,155,3],[154,4,155,5],[154,6,155,6],[154,7,155,7],[154,8,154,13],[155,8,155,9],[156,4,156,5],[156,8,156,9],[157,4,157,5],[157,8,157,9],[158,4,158,5],[158,8,158,9],[159,4,159,5],[159,8,159,9],[160,4,160,5],[160,8,160,9],[161,4,161,5],[161,8,161,9],[162,4,162,5],[162,8,162,9],[163,4,163,5],[163,8,163,9],[164,4,164,5],[164,8,164,9],[165,4,165,5],[165,8,165,9],[166,4,166,5],[166,8,166,9],[167,4,167,5],[167,8,167,9],[168,0,168,13],[169,0,169,4],[169,5,169,8],[169,9,169,13],[170,0,171,0],[170,1,171,1],[170,2,171,2],[170,3,171,3],[170,4,171,5],[170,6,171,6],[170,7,171,7],[170,8,170,13],[171,8,171,9],[172,4,172,5],[172,8,172,9],[173,4,173,5],[173,8,173,9],[174,4,174,5],[174,8,174,9],[175,4,175,5],[175,8,175,9],[176,4,176,5],[176,8,176,9],[177,4,177,5],[177,8,177,9],[178,4,178,5],[178,8,178,9],[179,4,179,5],[179,8,179,9],[180,0,180,13],[181,0,181,4],[181,5,181,8],[181,9,181,13],[182,0,183,0],[182,1,183,1],[182,2,183,2],[182,3,183,3],[182,4,183,5],[182,6,183,6],[182,7,183,7],[182,8,182,13],[183,8,183,9],[184,4,184,5],[184,8,184,9],[185,4,185,5],[185,8,185,9],[186,4,186,5],[186,8,186,9],[187,4,187,5],[187,8,187,9],[188,4,188,5],[188,8,188,9],[189,4,189,5],[189,8,189,9],[190,4,190,5],[190,8,190,9],[191,4,191,5],[191,8,191,9],[192,4,192,5],[192,8,192,9],[193,4,193,5],[193,8,193,9],[194,0,194,13],[195,0,195,4],[195,5,195,8],[195,9,195,13],[196,0,197,0],[196,1,197,1],[196,2,197,2],[196,3,197,3],[196,4,197,5],[196,6,197,6],[196,7,197,7],[196,8,196,13],[197,8,197,9],[198,4,198,5],[198,8,198,9],[199,4,199,5],[199,8,199,9],[200,4,200,5],[200,8,200,9],[201,4,201,5],[201,8,201,9],[202,4,202,5],[202,8,202,9],[203,4,203,5],[203,8,203,9],[204,4,204,5],[204,8,204,9],[205,4,205,5],[205,8,205,9],[206,4,206,5],[206,8,206,9],[207,4,207,5],[207,8,207,9],[208,4,208,5],[208,8,208,9],[209,4,209,5],[209,8,209,9],[210,4,210,5],[210,8,210,9],[211,0,211,13],[212,0,212,4],[212,5,212,8],[212,9,212,13],[213,0,214,0],[213,1,214,1],[213,2,214,2],[213,3,214,3],[213,4,214,5],[213,6,214,6],[213,7,214,7],[213,8,213,13],[214,8,214,9],[215,4,215,5],[215,8,215,9],[216,4,216,5],[216,8,216,9],[217,4,217,5],[217,8,217,9],[218,4,218,5],[218,8,218,9],[219,4,219,5],[219,8,219,9],[220,4,220,5],[220,8,220,9],[221,4,221,5],[221,8,221,9],[222,4,222,5],[222,8,222,9],[223,4,223,5],[223,8,223,9],[224,4,224,5],[224,8,224,9],[225,4,225,5],[225,8,225,9],[226,0,226,13],[227,0,227,4],[227,5,227,8],[227,9,227,13],[228,0,229,0],[228,1,229,1],[228,2,229,2],[228,3,229,3],[228,4,229,5],[228,6,229,6],[228,7,229,7],[228,8,228,13],[229,8,229,9],[230,4,230,5],[230,8,230,9],[231,4,231,5],[231,8,231,9],[232,4,232,5],[232,8,232,9],[233,4,233,5],[233,8,233,9],[234,4,234,5],[234,8,234,9],[235,4,235,5],[235,8,235,9],[236,4,236,5],[236,8,236,9],[237,4,237,5],[237,8,237,9],[238,4,238,5],[238,8,238,9],[239,4,239,5],[239,8,239,9],[240,4,240,5],[240,8,240,9],[241,0,241,13],[242,0,242,4],[242,5,242,8],[242,9,242,13],[243,0,244,0],[243,1,244,1],[243,2,244,2],[243,3,244,3],[243,4,244,5],[243,6,244,6],[243,7,244,7],[243,8,243,13],[244,8,244,9],[245,4,245,5],[245,8,245,9],[246,4,246,5],[246,8,246,9],[247,4,247,5],[247,8,247,9],[248,4,248,5],[248,8,248,9],[249,4,249,5],[249,8,249,9],[250,4,250,5],[250,8,250,9],[251,4,251,5],[251,8,251,9],[252,4,252,5],[252,8,252,9],[253,4,253,5],[253,8,253,9],[254,4,254,5],[254,8,254,9],[255,0,255,13],[256,0,256,4],[256,5,256,8],[256,9,256,13],[257,0,258,0],[257,1,258,1],[257,2,258,2],[257,3,258,3],[257,4,258,5],[257,6,258,6],[257,7,258,7],[257,8,257,13],[258,8,258,9],[259,4,259,5],[259,8,259,9],[260,4,260,5],[260,8,260,9],[261,4,261,5],[261,8,261,9],[262,4,262,5],[262,8,262,9],[263,4,263,5],[263,8,263,9],[264,4,264,5],[264,8,264,9],[265,4,265,5],[265,8,265,9],[266,4,266,5],[266,8,266,9],[267,4,267,5],[267,8,267,9],[268,0,268,13],[269,0,269,4],[269,5,269,8],[269,9,269,13],[270,0,271,0],[270,1,271,1],[270,2,271,2],[270,3,271,3],[270,4,271,5],[270,6,271,6],[270,7,271,7],[270,8,270,13],[271,8,271,9],[272,4,272,5],[272,8,272,9],[273,4,273,5],[273,8,273,9],[274,4,274,5],[274,8,274,9],[275,4,275,5],[275,8,275,9],[276,4,276,5],[276,8,276,9],[277,4,277,5],[277,8,277,9],[278,4,278,5],[278,8,278,9],[279,4,279,5],[279,8,279,9],[280,4,280,5],[280,8,280,9],[281,4,281,5],[281,8,281,9],[282,4,282,5],[282,8,282,9],[283,4,283,5],[283,8,283,9],[284,4,284,5],[284,8,284,9],[285,4,285,5],[285,8,285,9],[286,4,286,5],[286,8,286,9],[287,4,287,5],[287,8,287,9],[288,0,288,13],[289,0,289,4],[289,5,289,8],[289,9,289,13],[290,0,291,0],[290,1,291,1],[290,2,291,2],[290,3,291,3],[290,4,291,5],[290,6,291,6],[290,7,291,7],[290,8,290,13],[291,8,291,9],[292,4,292,5],[292,8,292,9],[293,4,293,5],[293,8,293,9],[294,4,294,5],[294,8,294,9],[295,4,295,5],[295,8,295,9],[296,4,296,5],[296,8,296,9],[297,4,297,5],[297,8,297,9],[298,4,298,5],[298,8,298,9],[299,4,299,5],[299,8,299,9],[300,4,300,5],[300,8,300,9],[301,4,301,5],[301,8,301,9],[302,4,302,5],[302,8,302,9],[303,4,303,5],[303,8,303,9],[304,4,304,5],[304,8,304,9],[305,4,305,5],[305,8,305,9],[306,4,306,5],[306,8,306,9],[307,4,307,5],[307,8,307,9],[308,4,308,5],[308,8,308,9],[309,4,309,5],[309,8,309,9],[310,4,310,5],[310,8,310,9],[311,4,311,5],[311,8,311,9],[312,4,312,5],[312,8,312,9],[313,4,313,5],[313,8,313,9],[314,4,314,5],[314,8,314,9],[315,4,315,5],[315,8,315,9],[316,4,316,5],[316,8,316,9]]}
["分部分项工程量清单综合单价分析表"]
["工程名称:鄂尔多斯影剧院消防改造工程",{"$nulls":4},"专业：第九册 消防设备安装工程",{"$nulls":3},"第1页 共18页"]
["顺序号","项目编号(定额编号)","项目名称","单位","数量",null,"综合单价(元)","综合合价(元)","综合单价"]
[{"$nulls":8},"人工费",null,"材料费","机械费","管理费","利润"]
[1,"031006015001","水箱","台",1,null,6318.18,6318.18,634.17,null,5255.65,136.71,126.81,101.43]
[null,"10-1773","整体水箱安装 水箱总容量10m3以内","台",1,null,5387.11,5387.11,491.5,null,4555.38,114.14,98.3,78.64]
[null,"4-491","基础槽钢制作、安装","m",10.8,null,86.21,931.07,13.21,null,64.84,2.09,2.64,2.11]
[2,"030109001004","喷淋泵","台",2,null,6621.5,13243,900.55,null,5186.32,120.57,180.05,143.98]
[null,"1-704","单级离心水泵及离心式耐腐蚀泵安装 设备重量0.2t以内","台",2,null,4035.2,8070.4,504.25,null,3241.12,57.87,100.85,80.68]
[null,"4-491","基础槽钢制作、安装","m",60,null,86.21,5172.6,13.21,null,64.84,2.09,2.64,2.11]
[3,"030109001005","消火栓稳压泵","台",2,null,2835.2,5670.4,504.25,null,2041.12,57.87,100.85,80.68]
[null,"1-704","单级离心水泵及离心式耐腐蚀泵安装 设备重量0.2t以内","台",2,null,2835.2,5670.4,504.25,null,2041.12,57.87,100.85,80.68]
[4,"030109001006","喷淋稳压泵","台",2,null,2835.2,5670.4,504.25,null,2041.12,57.87,100.85,80.68]
[null,"1-704","单级离心水泵及离心式耐腐蚀泵安装 设备重量0.2t以内","台",2,null,2835.2,5670.4,504.25,null,2041.12,57.87,100.85,80.68]
[5,"031006004001","气压罐","台",2,null,6544.19,13088.38,713.01,null,5081.43,421.77,142.6,114.08]
[null,"10-1691","气压罐 罐体直径800mm以内","台",2,null,6544.19,13088.38,713.01,null,5081.43,421.77,142.6,114.08]
[6,"040801005001","直启控制柜","台",1,null,3756,3756,723,null,2538.33,162.09,144.6,115.68]
[null,"4-107","低压成套配电柜","台",1,null,3756,3756,723,null,2538.33,162.09,144.6,115.68]
[7,"040801005002","双电源控制柜","台",1,null,10256,10256,723,null,9038.33,162.09,144.6,115.68]
[null,"4-107","低压成套配电柜","台",1,null,10256,10256,723,null,9038.33,162.09,144.6,115.68]
["分部分项工程量清单综合单价分析表"]
["工程名称:鄂尔多斯影剧院消防改造工程",{"$nulls":4},"专业：第九册 消防设备安装工程",{"$nulls":3},"第2页 共18页"]
["顺序号","项目编号(定额编号)","项目名称","单位","数量",null,"综合单价(元)","综合合价(元)","综合单价"]
[{"$nulls":8},"人工费",null,"材料费","机械费","管理费","利润"]
[8,"040801005003","自动巡检控制柜","台",1,null,10256,10256,723,null,9038.33,162.09,144.6,115.68]
[null,"4-107","低压成套配电柜","台",1,null,10256,10256,723,null,9038.33,162.09,144.6,115.68]
[9,"030404016001","控制柜","台",2,null,1754.32,3508.64,124.2,null,1516.17,56.82,24.84,19.87]
[null,"4-321","同期小屏控制箱","台",2,null,1754.32,3508.64,124.2,null,1516.17,56.82,24.84,19.87]
[10,"030404016002","液位计控制柜","台",1,null,1754.32,1754.32,124.2,null,1516.17,56.82,24.84,19.87]
[null,"4-321","同期小屏控制箱","台",1,null,1754.32,1754.32,124.2,null,1516.17,56.82,24.84,19.87]
[11,"030404016003","风机控制柜","台",2,null,1754.32,3508.64,124.2,null,1516.17,56.82,24.84,19.87]
[null,"4-321","同期小屏控制箱","台",2,null,1754.32,3508.64,124.2,null,1516.17,56.82,24.84,19.87]
[12,"030411003001","桥架","m",35,null,137.39,4808.65,20.68,null,106.05,1.15,4.14,3.31]
[null,"4-616","钢制槽式桥架(宽+高) ≤400mm","m",35,null,137.39,4808.58,20.68,null,106.05,1.15,4.14,3.31]
[13,"030904001001","点型探测器","个",2,null,647.93,1295.86,327.44,null,166.86,3.01,65.49,52.39]
[null,"9-176","点型探测器安装 红外光束","对",2,null,647.93,1295.86,327.44,null,166.86,3.01,65.49,52.39]
[14,"030904001002","点型探测器","个",4,null,156.56,626.24,32.74,null,108.57,0.19,6.55,5.24]
[null,"9-172","点型探测器安装 感烟","个",4,null,156.56,626.24,32.74,null,108.57,0.19,6.55,5.24]
[15,"030904001003","点型探测器","个",4,null,133.03,532.12,32.74,null,85.04,0.19,6.55,5.24]
[null,"9-173","点型探测器安装 感温","个",4,null,133.03,532.12,32.74,null,85.04,0.19,6.55,5.24]
[16,"030904008002","模块(模块箱）","个",4,null,446.86,1787.44,221.62,null,121.94,1.36,44.32,35.46]
[null,"9-201","消防专用 模块 单输入单输出","个",4,null,446.86,1787.44,221.62,null,121.94,1.36,44.32,35.46]
[17,"030404002001","继电器","台",4,null,126.56,506.24,41.02,null,66.68,null,8.2,6.56]
[null,"4-2271","继电器安装","个",4,null,126.56,506.24,41.02,null,66.68,null,8.2,6.56]
[18,"030904008003","模块(模块箱）","个",6,null,394.87,2369.22,187.73,null,119.42,1.36,37.55,30.04]
["分部分项工程量清单综合单价分析表"]
["工程名称:鄂尔多斯影剧院消防改造工程",{"$nulls":4},"专业：第九册 消防设备安装工程",{"$nulls":3},"第3页 共18页"]
["顺序号","项目编号(定额编号)","项目名称","单位","数量",null,"综合单价(元)","综合合价(元)","综合单价"]
[{"$nulls":8},"人工费",null,"材料费","机械费","管理费","利润"]
[null,"9-197","消防专用 模块 单输入","个",6,null,394.87,2369.22,187.73,null,119.42,1.36,37.55,30.04]
[19,"030412004001","装饰灯","套",1,null,332.34,332.34,19.07,null,304.5,null,3.81,3.05]
[null,"4-1915","标志、诱导装饰灯具安装 墙壁式","套",1,null,332.34,332.34,19.07,null,304.5,null,3.81,3.05]
[20,"030412004002","装饰灯","套",1,null,293.83,293.83,19.07,null,265.99,null,3.81,3.05]
[null,"4-1915","标志、诱导装饰灯具安装 墙壁式","套",1,null,293.83,293.83,19.07,null,265.99,null,3.81,3.05]
[21,"030408001002","电力电缆","m",100,null,33.15,3315,2.69,null,28.36,0.88,0.54,0.43]
[null,"4-710","室内铜芯电力电缆敷设 电缆截面≤10mm2","m",100,null,33.15,3315.1,2.69,null,28.35,0.88,0.54,0.43]
[22,"030408001003","电力电缆","m",50,null,25.01,1250.5,2.69,null,20.22,0.88,0.54,0.43]
[null,"4-710","室内铜芯电力电缆敷设 电缆截面≤10mm2","m",50,null,25.01,1250.5,2.69,null,20.21,0.88,0.54,0.43]
[23,"030408001004","电力电缆","m",210,null,60.39,12681.9,4.55,null,52.81,0.94,0.91,0.73]
[null,"4-684","电缆沟(隧)道内电力电缆敷设 电缆截面≤50mm2","m",210,null,60.39,12682.11,4.55,null,52.81,0.94,0.91,0.73]
[24,"030411004012","配线","m",800,null,4.98,3984,0.83,null,3.77,null,0.17,0.13]
[null,"4-1607","管内穿多芯软导线 二芯 单芯导线截面1.5mm2","m",800,null,4.98,3983.2,0.83,null,3.77,null,0.17,0.13]
[25,"030411004013","配线","m",520,null,7.19,3738.8,0.83,null,5.98,null,0.17,0.13]
["分部分项工程量清单综合单价分析表"]
["工程名称:鄂尔多斯影剧院消防改造工程",{"$nulls":4},"专业：第九册 消防设备安装工程",{"$nulls":3},"第4页 共18页"]
["顺序号","项目编号(定额编号)","项目名称","单位","数量",null,"综合单价(元)","综合合价(元)","综合单价"]
[{"$nulls":8},"人工费",null,"材料费","机械费","管理费","利润"]
[null,"4-1607","管内穿多芯软导线 二芯 单芯导线截面1.5mm2","m",520,null,7.19,3740.36,0.83,null,5.99,null,0.17,0.13]
[26,"030411004008","配线","m",410,null,22.15,9081.5,1.65,null,19.73,null,0.33,0.27]
[null,"4-1622","管内穿多芯软导线 十六芯 单芯导线截面1.5mm2","m",410,null,22.15,9079.86,1.65,null,19.73,null,0.33,0.27]
[27,"030411004009","配线","m",410,null,12.91,5293.1,0.83,null,11.7,null,0.17,0.13]
[null,"4-1607","管内穿多芯软导线 二芯 单芯导线截面1.5mm2","m",410,null,12.91,5291.46,0.83,null,11.7,null,0.17,0.13]
[28,"030411004010","配线","m",350,null,26.03,9110.5,1.65,null,23.62,null,0.33,0.27]
[null,"4-1622","管内穿多芯软导线 十六芯 单芯导线截面1.5mm2","m",350,null,26.03,9111.9,1.65,null,23.62,null,0.33,0.27]
[29,"030411004011","配线","m",350,null,39.05,13667.5,1.76,null,36.48,null,0.35,0.28]
[null,"4-1623","管内穿多芯软导线 十六芯 单芯导线截面2.5mm2","m",350,null,39.05,13666.45,1.76,null,36.48,null,0.35,0.28]
[30,"031001006001","塑料管","m",80,null,24.88,1990.4,5.69,null,16.56,0.02,1.14,0.91]
[null,"10-283","室外塑料给水管(粘接) 公称外径50mm以内","m",80,null,24.88,1990.72,5.69,null,16.56,0.02,1.14,0.91]
[31,"031001006002","塑料管","m",50,null,35.35,1767.5,6.71,null,25.55,0.01,1.34,1.07]
[null,"10-311","室外塑料排水管(粘接) 公称外径110mm以内","m",50,null,35.35,1767.65,6.71,null,25.55,0.01,1.34,1.07]
[32,"030609005001","电板热","m",200,null,40.43,8086,12.43,null,22.14,0.13,2.49,1.99]
[null,"6-731","电伴热带/伴热电缆 伴热电缆","m",200,null,40.43,8085,12.43,null,22.14,0.13,2.49,1.99]
["分部分项工程量清单综合单价分析表"]
["工程名称:鄂尔多斯影剧院消防改造工程",{"$nulls":4},"专业：第九册 消防设备安装工程",{"$nulls":3},"第5页 共18页"]
["顺序号","项目编号(定额编号)","项目名称","单位","数量",null,"综合单价(元)","综合合价(元)","综合单价"]
[{"$nulls":8},"人工费",null,"材料费","机械费","管理费","利润"]
[33,"030411001003","配管","m",540,null,35.53,19186.2,8.19,null,23.57,null,1.64,1.31]
[null,"4-1347","套接紧定式镀锌钢导管(JDG)敷设 砖、混凝土结构暗配 外径50mm","m",540,null,35.53,19186.74,8.19,null,23.57,null,1.64,1.31]
[34,"030411001002","配管","m",1500,null,13.35,20025,3.91,null,7.65,null,0.78,0.63]
[null,"4-1343","套接紧定式镀锌钢导管(JDG)敷设 砖、混凝土结构暗配 外径20mm","m",1500,null,13.35,20023.5,3.91,null,7.65,null,0.78,0.63]
[35,"030901001007","水喷淋钢管","m",142.4,null,116.65,16610.96,23.36,null,82.05,0.51,4.67,3.74]
[null,"9-18","水喷淋钢管管道安装(沟槽连接) 公称直径100mm以内","m",142.4,null,116.66,16611.67,23.36,null,82.05,0.51,4.67,3.74]
[36,"031001001001","镀锌钢管","m",22.6,null,116.65,2636.29,23.36,null,82.05,0.51,4.67,3.74]
[null,"9-18","水喷淋钢管管道安装(沟槽连接) 公称直径100mm以内","m",22.6,null,116.66,2636.4,23.36,null,82.05,0.51,4.67,3.74]
[37,"031001001002","镀锌钢管","m",13,null,79.96,1039.48,19.7,null,50.82,0.37,3.94,3.15]
[null,"9-16","水喷淋钢管管道安装(沟槽连接) 公称直径65mm以内","m",13,null,79.96,1039.48,19.7,null,50.82,0.37,3.94,3.15]
[38,"031001001003","镀锌钢管","m",17,null,67.33,1144.61,19.7,null,38.2,0.37,3.94,3.15]
["分部分项工程量清单综合单价分析表"]
["工程名称:鄂尔多斯影剧院消防改造工程",{"$nulls":4},"专业：第九册 消防设备安装工程",{"$nulls":3},"第6页 共18页"]
["顺序号","项目编号(定额编号)","项目名称","单位","数量",null,"综合单价(元)","综合合价(元)","综合单价"]
[{"$nulls":8},"人工费",null,"材料费","机械费","管理费","利润"]
[null,"9-16","水喷淋钢管管道安装(沟槽连接) 公称直径65mm以内","m",17,null,67.33,1144.66,19.7,null,38.2,0.37,3.94,3.15]
[39,"040502002008","钢管管件制作、安装","个",141,null,58.8,8290.8,25.48,null,19.2,2.4,5.1,4.08]
[null,"9-26","水喷淋钢管管件安装(管件连接) 公称直径100mm以内","个",141,null,58.8,8290.66,25.48,null,19.2,2.4,5.1,4.08]
[40,"040502002013","钢管管件制作、安装","个",32,null,93.03,2976.96,25.48,null,53.43,2.4,5.1,4.08]
[null,"9-26","水喷淋钢管管件安装(管件连接) 公称直径100mm以内","个",32,null,93.03,2976.93,25.48,null,53.43,2.4,5.1,4.08]
[41,"040502002010","钢管管件制作、安装","个",10,null,70.92,709.2,25.48,null,31.32,2.4,5.1,4.08]
[null,"9-26","水喷淋钢管管件安装(管件连接) 公称直径100mm以内","个",10,null,70.92,709.19,25.48,null,31.32,2.4,5.1,4.08]
[42,"040502002011","钢管管件制作、安装","个",5,null,93.03,465.15,25.48,null,53.43,2.4,5.1,4.08]
[null,"9-26","水喷淋钢管管件安装(管件连接) 公称直径100mm以内","个",5,null,93.03,465.15,25.48,null,53.43,2.4,5.1,4.08]
[43,"031003003011","对夹蝶阀","个",2,null,318.52,637.04,50.44,null,236.6,8.28,10.09,8.07]
[null,"10-961","沟槽阀门 公称直径100mm以内","个",2,null,318.52,637.04,50.44,null,236.6,8.28,10.09,8.07]
["分部分项工程量清单综合单价分析表"]
["工程名称:鄂尔多斯影剧院消防改造工程",{"$nulls":4},"专业：第九册 消防设备安装工程",{"$nulls":3},"第7页 共18页"]
["顺序号","项目编号(定额编号)","项目名称","单位","数量",null,"综合单价(元)","综合合价(元)","综合单价"]
[{"$nulls":8},"人工费",null,"材料费","机械费","管理费","利润"]
[44,"031003003012","止回阀","个",2,null,505.59,1011.18,50.44,null,423.67,8.28,10.09,8.07]
[null,"10-961","沟槽阀门 公称直径100mm以内","个",2,null,505.59,1011.18,50.44,null,423.67,8.28,10.09,8.07]
[45,"031003003013","蝶阀","个",2,null,318.52,637.04,50.44,null,236.6,8.28,10.09,8.07]
[null,"10-961","沟槽阀门 公称直径100mm以内","个",2,null,318.52,637.04,50.44,null,236.6,8.28,10.09,8.07]
[46,"031003003014","明杆闸阀","个",2,null,389.16,778.32,50.44,null,307.24,8.28,10.09,8.07]
[null,"10-961","沟槽阀门 公称直径100mm以内","个",2,null,389.16,778.32,50.44,null,307.24,8.28,10.09,8.07]
[47,"031003003015","明杆闸阀","个",2,null,224.43,448.86,26.43,null,183.99,1.85,5.29,4.23]
[null,"10-884","法兰阀门安装 公称直径65mm以内","个",2,null,224.43,448.86,26.43,null,183.99,1.85,5.29,4.23]
[48,"031003003016","流量监控器","个",2,null,590.75,1181.5,49.63,null,515.75,2.54,9.93,7.94]
[null,"10-886","法兰阀门安装 公称直径100mm以内","个",2,null,590.75,1181.5,49.63,null,515.75,2.54,9.93,7.94]
[49,"031003003017","焊接法兰阀门","个",10,null,163.06,1630.6,20.68,null,131.39,1.47,4.14,3.31]
[null,"10-883","法兰阀门安装 公称直径50mm以内","个",10,null,163.06,1630.6,20.68,null,131.39,1.47,4.14,3.31]
[50,"031003003018","焊接法兰阀门","个",4,null,226.76,907.04,20.68,null,195.09,1.47,4.14,3.31]
[null,"10-883","法兰阀门安装 公称直径50mm以内","个",4,null,226.76,907.04,20.68,null,195.09,1.47,4.14,3.31]
[51,"031003003019","焊接法兰阀门","个",4,null,226.76,907.04,20.68,null,195.09,1.47,4.14,3.31]
[null,"10-883","法兰阀门安装 公称直径50mm以内","个",4,null,226.76,907.04,20.68,null,195.09,1.47,4.14,3.31]
["分部分项工程量清单综合单价分析表"]
["工程名称:鄂尔多斯影剧院消防改造工程",{"$nulls":4},"专业：第九册 消防设备安装工程",{"$nulls":3},"第8页 共18页"]
["顺序号","项目编号(定额编号)","项目名称","单位","数量",null,"综合单价(元)","综合合价(元)","综合单价"]
[{"$nulls":8},"人工费",null,"材料费","机械费","管理费","利润"]
[52,"031003003020","焊接法兰阀门","个",1,null,236.27,236.27,26.43,null,195.83,1.85,5.29,4.23]
[null,"10-884","法兰阀门安装 公称直径65mm以内","个",1,null,236.27,236.27,26.43,null,195.83,1.85,5.29,4.23]
[53,"031003010003","软接头(软管）","个",8,null,90.11,720.88,18.15,null,63.61,null,3.63,2.9]
[null,"10-1288","法兰式软接头安装 公称直径50mm以内","个",8,null,90.11,720.88,18.15,null,63.61,null,3.63,2.9]
[54,"030601002003","压力仪表","台",4,null,133.45,533.8,29.99,null,88.93,0.73,6,4.8]
[null,"6-46","压力表 就地","台(块)",4,null,133.45,533.8,29.99,null,88.93,0.73,6,4.8]
[55,"030601002004","压力仪表","台",2,null,181.98,363.96,55.84,null,89.59,10.87,11.17,8.93]
[null,"6-51","电接点压力表","台(块)",2,null,181.98,363.96,55.84,null,89.59,10.87,11.17,8.93]
[56,"031003011008","法兰","副",14,null,260.07,3640.98,41.36,null,189.84,9.84,8.27,6.62]
[null,"10-986","碳钢平焊法兰安装 公称直径100mm以内","副",14,null,260.07,3640.98,41.36,null,189.84,9.84,8.27,6.62]
[57,"031002003007","套管","个",8,null,42.89,343.12,27.51,null,2.73,null,5.5,4.4]
[null,"10-2010","机械混凝土墙体钻孔 直径108mm以内","个",8,null,42.89,343.12,27.51,null,2.73,null,5.5,4.4]
[58,"031002003008","套管","个",8,null,92.72,741.76,27,null,52.45,0.85,5.4,4.32]
[null,"10-1866","一般钢套管制作安装 介质管道公称直径100mm以内","个",8,null,92.72,741.76,27,null,52.45,0.85,5.4,4.32]
[59,"031002001004","管道支架","kg",379.62,null,21.58,8192.2,6.95,null,8.8,2.63,1.39,1.11]
[null,"10-1837","管道支架制作 单件重量5kg以内","kg",379.62,null,15.73,5970.32,4.52,null,7.61,1.52,0.9,0.72]
["分部分项工程量清单综合单价分析表"]
["工程名称:鄂尔多斯影剧院消防改造工程",{"$nulls":4},"专业：第九册 消防设备安装工程",{"$nulls":3},"第9页 共18页"]
["顺序号","项目编号(定额编号)","项目名称","单位","数量",null,"综合单价(元)","综合合价(元)","综合单价"]
[{"$nulls":8},"人工费",null,"材料费","机械费","管理费","利润"]
[null,"10-1842","管道支架安装 单件重量5kg以内","kg",379.62,null,5.85,2221.76,2.43,null,1.19,1.11,0.49,0.39]
[60,"010802003001","甲级钢质防火门","m2",18,null,528.23,9508.14,40.7,null,472.88,null,8.14,6.51]
[null,"借8-13","钢质防火门安装","m2",18,null,528.23,9508.16,40.7,null,472.88,null,8.14,6.51]
[61,"010801006001","门把手","个",18,null,53.09,955.62,5.62,null,45.45,null,1.12,0.9]
[null,"借8-127 换","门特殊五金 管子拉手","个",18,null,53.09,955.64,5.62,null,45.45,null,1.12,0.9]
[62,"030901001003","水喷淋钢管","m",535,null,123.58,66115.3,28.03,null,82.05,0.61,5.61,4.48]
[null,"9-18 换","水喷淋钢管管道安装(沟槽连接) 公称直径100mm以内 \u007f人工*1.2,机械*1.2","m",535,null,123.58,66113.7,28.03,null,82.05,0.61,5.61,4.48]
[63,"030901001005","水喷淋钢管","m",160,null,191.35,30616,34.74,null,139.78,0.84,6.95,5.56]
[null,"9-20 换","水喷淋钢管管道安装(沟槽连接) 公称直径150mm以内 \u007f人工*1.2,机械*1.2","m",160,null,191.35,30615.36,34.74,null,139.78,0.84,6.95,5.56]
[64,"030901001006","水喷淋钢管","m",7,null,85.79,600.53,23.65,null,50.82,0.44,4.73,3.78]
[null,"9-16 换","水喷淋钢管管道安装(沟槽连接) 公称直径65mm以内 \u007f人工*1.2,机械*1.2","m",7,null,85.79,600.52,23.65,null,50.82,0.44,4.73,3.78]
[65,"040502002003","钢管管件制作、安装","个",170,null,66.72,11342.4,30.58,null,19.2,2.88,6.12,4.89]
["分部分项工程量清单综合单价分析表"]
["工程名称:鄂尔多斯影剧院消防改造工程",{"$nulls":4},"专业：第九册 消防设备安装工程",{"$nulls":3},"第10页 共18页"]
["顺序号","项目编号(定额编号)","项目名称","单位","数量",null,"综合单价(元)","综合合价(元)","综合单价"]
[{"$nulls":8},"人工费",null,"材料费","机械费","管理费","利润"]
[null,"9-26 换","水喷淋钢管管件安装(管件连接) 公称直径100mm以内 \u007f人工*1.2,机械*1.2","个",170,null,66.72,11342.57,30.58,null,19.2,2.88,6.12,4.89]
[66,"040502002007","钢管管件制作、安装","个",12,null,99.95,1199.4,30.58,null,52.42,2.88,6.12,4.89]
[null,"9-26 换","水喷淋钢管管件安装(管件连接) 公称直径100mm以内 \u007f人工*1.2,机械*1.2","个",12,null,99.95,1199.35,30.58,null,52.42,2.88,6.12,4.89]
[67,"040502002005","钢管管件制作、安装","个",45,null,108.86,4898.7,51.91,null,28.78,4.3,10.38,8.31]
[null,"9-28 换","水喷淋钢管管件安装(管件连接) 公称直径150mm以内 \u007f人工*1.2,机械*1.2","个",45,null,108.86,4898.84,51.91,null,28.78,4.3,10.38,8.31]
[68,"040502002004","钢管管件制作、安装","个",84,null,100.95,8479.8,30.58,null,53.43,2.88,6.12,4.89]
[null,"9-26 换","水喷淋钢管管件安装(管件连接) 公称直径100mm以内 \u007f人工*1.2,机械*1.2","个",84,null,100.95,8479.88,30.58,null,53.43,2.88,6.12,4.89]
[69,"040502002006","钢管管件制作、安装","个",12,null,160.21,1922.52,51.91,null,80.13,4.3,10.38,8.31]
["分部分项工程量清单综合单价分析表"]
["工程名称:鄂尔多斯影剧院消防改造工程",{"$nulls":4},"专业：第九册 消防设备安装工程",{"$nulls":3},"第11页 共18页"]
["顺序号","项目编号(定额编号)","项目名称","单位","数量",null,"综合单价(元)","综合合价(元)","综合单价"]
[{"$nulls":8},"人工费",null,"材料费","机械费","管理费","利润"]
[null,"9-28 换","水喷淋钢管管件安装(管件连接) 公称直径150mm以内 \u007f人工*1.2,机械*1.2","个",12,null,160.21,1922.51,51.91,null,80.13,4.3,10.38,8.31]
[70,"031002003004","套管","个",8,null,100.77,806.16,32.4,null,52.45,1.02,6.48,5.18]
[null,"10-1866 换","一般钢套管制作安装 介质管道公称直径100mm以内 \u007f人工*1.2,机械*1.2","个",8,null,100.77,806.16,32.4,null,52.45,1.02,6.48,5.18]
[71,"031002003005","套管","个",1,null,176.11,176.11,54.88,null,94.49,1.49,10.98,8.78]
[null,"10-1868 换","一般钢套管制作安装 介质管道公称直径150mm以内 \u007f人工*1.2,机械*1.2","个",1,null,176.11,176.11,54.88,null,94.49,1.49,10.98,8.78]
[72,"031002001003","管道支架","kg",620.38,null,24.14,14975.97,8.34,null,8.8,3.15,1.67,1.33]
[null,"10-1837 换","管道支架制作 单件重量5kg以内 \u007f人工*1.2,机械*1.2","kg",620.38,null,17.35,10763.66,5.42,null,7.61,1.82,1.08,0.87]
[null,"10-1842 换","管道支架安装 单件重量5kg以内 \u007f人工*1.2,机械*1.2","kg",620.38,null,6.79,4209.34,2.92,null,1.19,1.33,0.58,0.47]
[73,"031003003021","闸阀","个",15,null,306.12,4591.8,59.56,null,216.11,3.05,11.91,9.53]
[null,"10-886 换","法兰阀门安装 公称直径100mm以内 \u007f人工*1.2,机械*1.2","个",15,null,306.12,4591.8,59.56,null,216.11,3.05,11.91,9.53]
["分部分项工程量清单综合单价分析表"]
["工程名称:鄂尔多斯影剧院消防改造工程",{"$nulls":4},"专业：第九册 消防设备安装工程",{"$nulls":3},"第12页 共18页"]
["顺序号","项目编号(定额编号)","项目名称","单位","数量",null,"综合单价(元)","综合合价(元)","综合单价"]
[{"$nulls":8},"人工费",null,"材料费","机械费","管理费","利润"]
[74,"031003003004","闸阀","个",1,null,216.97,216.97,31.72,null,168.44,2.22,6.34,5.08]
[null,"10-884 换","法兰阀门安装 公称直径65mm以内 \u007f人工*1.2,机械*1.2","个",1,null,216.97,216.97,31.72,null,168.44,2.22,6.34,5.08]
[75,"031003011004","法兰","副",1,null,194.2,194.2,37.78,null,131.11,7.93,7.56,6.04]
[null,"10-984 换","碳钢平焊法兰安装 公称直径65mm以内 \u007f人工*1.2,机械*1.2","副",1,null,194.2,194.2,37.78,null,131.11,7.93,7.56,6.04]
[76,"030601002001","压力仪表","台",1,null,200.46,200.46,67.01,null,89.59,13.04,13.4,10.72]
[null,"6-51 换","电接点压力表 \u007f人工*1.2,机械*1.2","台(块)",1,null,200.46,200.46,67.01,null,89.59,13.04,13.4,10.72]
[77,"030601002002","压力仪表","台",1,null,142.36,142.36,35.99,null,88.93,0.88,7.2,5.76]
[null,"6-46 换","压力表 就地 \u007f人工*1.2,机械*1.2","台(块)",1,null,142.36,142.36,35.99,null,88.93,0.88,7.2,5.76]
[78,"030901004001","湿式报警阀","组",1,null,3044.88,3044.88,536.58,null,2258.74,2.73,107.32,85.85]
[null,"9-51 换","湿式报警装置 公称直径150mm以内 \u007f人工*1.2,机械*1.2","组",1,null,3044.88,3044.88,536.58,null,2258.74,2.73,107.32,85.85]
[79,"031003003005","信号蝶阀","个",2,null,491.68,983.36,82.44,null,351.8,19.52,16.49,13.19]
[null,"10-888 换","法兰阀门安装 公称直径150mm以内 \u007f人工*1.2,机械*1.2","个",2,null,491.68,983.36,82.44,null,351.8,19.52,16.49,13.19]
[80,"031003003006","闸阀","个",1,null,536.77,536.77,82.44,null,396.89,19.52,16.49,13.19]
["分部分项工程量清单综合单价分析表"]
["工程名称:鄂尔多斯影剧院消防改造工程",{"$nulls":4},"专业：第九册 消防设备安装工程",{"$nulls":3},"第13页 共18页"]
["顺序号","项目编号(定额编号)","项目名称","单位","数量",null,"综合单价(元)","综合合价(元)","综合单价"]
[{"$nulls":8},"人工费",null,"材料费","机械费","管理费","利润"]
[null,"10-888 换","法兰阀门安装 公称直径150mm以内 \u007f人工*1.2,机械*1.2","个",1,null,536.77,536.77,82.44,null,396.89,19.52,16.49,13.19]
[81,"031003003007","闸阀","个",4,null,572.38,2289.52,92.38,null,408.65,28.85,18.48,14.78]
[null,"10-963 换","沟槽阀门 公称直径150mm以内 \u007f人工*1.2,机械*1.2","个",4,null,572.38,2289.52,92.38,null,408.65,28.85,18.48,14.78]
[82,"031003003008","止回阀","个",2,null,669.16,1338.32,82.44,null,529.28,19.52,16.49,13.19]
[null,"10-888 换","法兰阀门安装 公称直径150mm以内 \u007f人工*1.2,机械*1.2","个",2,null,669.16,1338.32,82.44,null,529.28,19.52,16.49,13.19]
[83,"031003003009","安全阀","个",1,null,412.26,412.26,31.72,null,363.73,2.22,6.34,5.08]
[null,"10-884 换","法兰阀门安装 公称直径65mm以内 \u007f人工*1.2,机械*1.2","个",1,null,412.26,412.26,31.72,null,363.73,2.22,6.34,5.08]
[84,"031003003010","过滤器","个",2,null,419.38,838.76,82.44,null,282.75,16.27,16.49,13.19]
[null,"10-888 R*1.2","法兰阀门安装 公称直径150mm以内 \u007f单个过滤器安装 人工*1.2","个",2,null,419.38,838.76,82.44,null,282.75,16.27,16.49,13.19]
[85,"031003010002","软连接","个",4,null,326.92,1307.68,59.56,null,226.34,13.62,11.91,9.53]
[null,"10-1293 换","法兰式软接头安装 公称直径150mm以内 \u007f人工*1.2,机械*1.2","个",4,null,326.92,1307.68,59.56,null,226.34,13.62,11.91,9.53]
["分部分项工程量清单综合单价分析表"]
["工程名称:鄂尔多斯影剧院消防改造工程",{"$nulls":4},"专业：第九册 消防设备安装工程",{"$nulls":3},"第14页 共18页"]
["顺序号","项目编号(定额编号)","项目名称","单位","数量",null,"综合单价(元)","综合合价(元)","综合单价"]
[{"$nulls":8},"人工费",null,"材料费","机械费","管理费","利润"]
[86,"031003011005","法兰","副",5,null,464.43,2322.15,71.41,null,329.73,30.44,14.28,11.43]
[null,"10-988 换","碳钢平焊法兰安装 公称直径150mm以内 \u007f人工*1.2,机械*1.2","副",5,null,464.43,2322.15,71.41,null,329.73,30.44,14.28,11.43]
[87,"031003011006","法兰","副",1,null,224.39,224.39,40.67,null,155.8,9.21,8.13,6.51]
[null,"10-985 换","碳钢平焊法兰安装 公称直径80mm以内 \u007f人工*1.2,机械*1.2","副",1,null,224.39,224.39,40.67,null,155.8,9.21,8.13,6.51]
[88,"031003011007","法兰","副",1,null,194.2,194.2,37.78,null,131.11,7.93,7.56,6.04]
[null,"10-984 换","碳钢平焊法兰安装 公称直径65mm以内 \u007f人工*1.2,机械*1.2","副",1,null,194.2,194.2,37.78,null,131.11,7.93,7.56,6.04]
[89,"031003001007","弯头","个",24,null,100.95,2422.8,30.58,null,53.43,2.88,6.12,4.89]
[null,"9-26 换","水喷淋钢管管件安装(管件连接) 公称直径100mm以内 \u007f人工*1.2,机械*1.2","个",24,null,100.95,2422.82,30.58,null,53.43,2.88,6.12,4.89]
[90,"031003001008","大小头DN150*100","个",1,null,125.54,125.54,51.91,null,45.46,4.3,10.38,8.31]
[null,"9-28 换","水喷淋钢管管件安装(管件连接) 公称直径150mm以内 \u007f人工*1.2,机械*1.2","个",1,null,125.54,125.54,51.91,null,45.45,4.3,10.38,8.31]
[91,"031003001009","大小头DN150*125","个",1,null,136.84,136.84,51.91,null,56.76,4.3,10.38,8.31]
["分部分项工程量清单综合单价分析表"]
["工程名称:鄂尔多斯影剧院消防改造工程",{"$nulls":4},"专业：第九册 消防设备安装工程",{"$nulls":3},"第15页 共18页"]
["顺序号","项目编号(定额编号)","项目名称","单位","数量",null,"综合单价(元)","综合合价(元)","综合单价"]
[{"$nulls":8},"人工费",null,"材料费","机械费","管理费","利润"]
[null,"9-28 换","水喷淋钢管管件安装(管件连接) 公称直径150mm以内 \u007f人工*1.2,机械*1.2","个",1,null,136.84,136.84,51.91,null,56.76,4.3,10.38,8.31]
[92,"031003001013","大小头DN150*125","个",2,null,71.22,142.44,30.58,null,23.7,2.88,6.12,4.9]
[null,"9-26 换","水喷淋钢管管件安装(管件连接) 公称直径100mm以内 \u007f人工*1.2,机械*1.2","个",2,null,71.21,142.43,30.58,null,23.69,2.88,6.12,4.89]
[93,"031003001010","三通DN150","个",3,null,160.21,480.63,51.91,null,80.13,4.3,10.38,8.31]
[null,"9-28 换","水喷淋钢管管件安装(管件连接) 公称直径150mm以内 \u007f人工*1.2,机械*1.2","个",3,null,160.21,480.63,51.91,null,80.13,4.3,10.38,8.31]
[94,"031003001011","机三DN150*65","个",1,null,127.04,127.04,51.91,null,46.96,4.3,10.38,8.31]
[null,"9-28 换","水喷淋钢管管件安装(管件连接) 公称直径150mm以内 \u007f人工*1.2,机械*1.2","个",1,null,127.04,127.04,51.91,null,46.96,4.3,10.38,8.31]
[95,"031003001012","卡箍DN150*80","个",4,null,108.86,435.44,51.91,null,28.78,4.3,10.38,8.31]
[null,"9-28 换","水喷淋钢管管件安装(管件连接) 公称直径150mm以内 \u007f人工*1.2,机械*1.2","个",4,null,108.86,435.45,51.91,null,28.78,4.3,10.38,8.31]
[96,"031208002001","管道绝热","m3",1.5,null,1547.26,2320.89,468.34,null,863.49,null,93.67,74.93]
["分部分项工程量清单综合单价分析表"]
["工程名称:鄂尔多斯影剧院消防改造工程",{"$nulls":4},"专业：第九册 消防设备安装工程",{"$nulls":3},"第16页 共18页"]
["顺序号","项目编号(定额编号)","项目名称","单位","数量",null,"综合单价(元)","综合合价(元)","综合单价"]
[{"$nulls":8},"人工费",null,"材料费","机械费","管理费","利润"]
[null,"12-1029 换","橡塑管壳安装(管道) DN125mm以下 \u007f人工*1.2,机械*1.2","m3",1.5,null,1547.26,2320.89,468.34,null,863.49,null,93.67,74.93]
[97,"031202002001","管道防腐蚀","m2",50,null,68.91,3445.5,30.8,null,23.94,null,6.16,4.93]
[null,"12-627 换","管道沥青玻璃布防腐漆 (增)一油 \u007f人工*1.2,机械*1.2","m2",50,null,14.92,746.2,5.98,null,6.19,null,1.2,0.96]
[null,"12-628 换","管道沥青玻璃布防腐漆 (增)一布 \u007f人工*1.2,机械*1.2","m2",50,null,12.07,603.45,6.43,null,2.69,null,1.29,1.03]
[null,"12-627 换","管道沥青玻璃布防腐漆 (增)一油 \u007f人工*1.2,机械*1.2","m2",50,null,14.92,746.2,5.98,null,6.19,null,1.2,0.96]
[null,"12-628 换","管道沥青玻璃布防腐漆 (增)一布 \u007f人工*1.2,机械*1.2","m2",50,null,12.07,603.45,6.43,null,2.69,null,1.29,1.03]
[null,"12-627 换","管道沥青玻璃布防腐漆 (增)一油 \u007f人工*1.2,机械*1.2","m2",50,null,14.92,746.2,5.98,null,6.19,null,1.2,0.96]
[98,"041001006001","拆除管道 DN100","m",430,null,17.19,7391.7,11.02,null,1.11,null,2.2,1.76]
[null,"借003 R*1.3","管道气割拆除 公称直径 70-100mm \u007f人工*1.3","m",430,null,17.19,7391.7,11.02,null,1.11,null,2.2,1.76]
["分部分项工程量清单综合单价分析表"]
["工程名称:鄂尔多斯影剧院消防改造工程",{"$nulls":4},"专业：第九册 消防设备安装工程",{"$nulls":3},"第17页 共18页"]
["顺序号","项目编号(定额编号)","项目名称","单位","数量",null,"综合单价(元)","综合合价(元)","综合单价"]
[{"$nulls":8},"人工费",null,"材料费","机械费","管理费","利润"]
[99,"011610001001","木门窗拆除","樘",6,null,26,156,17.81,{"$nulls":3},3.56,2.85]
[null,"借044","门窗装修拆除 整樘木门","樘",6,null,26,156.01,17.81,{"$nulls":3},3.56,2.85]
[100,"011207001001","墙面装饰板","m2",14,null,209.55,2933.7,37.57,null,154.37,4.1,7.51,6.01]
[null,"借12-124","墙饰面 龙骨基层 断面7.5cm2以内 木龙骨平均中距 40cm以内","m2",14,null,24.65,345.03,8.86,null,12.41,0.19,1.77,1.42]
[null,"借12-146","墙饰面 细木工板 基层","m2",28,null,63.02,1764.69,7.3,null,52.04,1.06,1.46,1.17]
[null,"借12-157","墙饰面 面层 木质饰面板 墙面、墙裙","m2",28,null,29.43,824.04,7.05,null,18.94,0.89,1.41,1.13]
[101,"010808001001","木门窗套","m2",18,null,178.81,3218.58,17.38,null,155.18,null,3.48,2.78]
[null,"借8-103","成品门窗套(筒子板) 木质","m2",18,null,178.81,3218.65,17.38,null,155.18,null,3.48,2.78]
[102,"011102003001","块料楼地面","m2",5,null,125.99,629.95,16.62,null,102.53,0.86,3.32,2.66]
[null,"借11-39","陶瓷地面砖 0.64m2以内","m2",5,null,125.99,629.94,16.62,null,102.53,0.86,3.32,2.66]
[103,"011407001001","墙面喷刷涂料","m2",10,null,20.58,205.8,11.99,null,4.27,null,2.4,1.92]
[null,"借14-199","乳胶漆 室内 墙面二遍","m2",10,null,20.58,205.77,11.99,null,4.27,null,2.4,1.92]
[104,"030704001001","通风工程检测、调试","系统",4,null,225.98,903.92,149.36,null,0.98,6.93,29.87,23.9]
[null,"9-268","消防水泵联动调试","点",4,null,225.98,903.92,149.36,null,0.98,6.93,29.87,23.9]
[105,"030704001002","通风工程检测、调试","系统",4,null,207.46,829.84,137.87,null,0.66,5.51,27.57,22.06]
[null,"9-267","消防风机调试","点",4,null,207.46,829.84,137.87,null,0.66,5.51,27.57,22.06]
["分部分项工程量清单综合单价分析表"]
["工程名称:鄂尔多斯影剧院消防改造工程",{"$nulls":4},"专业：第九册 消防设备安装工程",{"$nulls":3},"第18页 共18页"]
["顺序号","项目编号(定额编号)","项目名称","单位","数量",null,"综合单价(元)","综合合价(元)","综合单价"]
[{"$nulls":8},"人工费",null,"材料费","机械费","管理费","利润"]
[106,"030905002001","水灭火控制装置调试","点",4,null,36.16,144.64,23.09,null,0.69,1.75,4.62,3.7]
[null,"9-261","自动喷水灭火系统","点",4,null,36.15,144.62,23.09,null,0.69,1.75,4.62,3.7]
{"$rows_empty":22}
[null,"合计",{"$nulls":4},76184.85,456030.82,10613.88,null,117784.3,1809.84,2122.76,1698.1]

{"sheet":"蒙-11 单位工程人材机价差表","index":8,"n_rows":79,"n_cols":11,"rows_kept":79,"merged":[[0,0,0,10],[1,0,1,4],[1,5,1,7],[1,8,1,10],[2,4,2,5],[2,7,2,8],[3,4,3,5],[3,7,3,8],[4,4,4,5],[4,7,4,8],[5,4,5,5],[5,7,5,8],[6,4,6,5],[6,7,6,8],[7,4,7,5],[7,7,7,8],[8,4,8,5],[8,7,8,8],[9,4,9,5],[9,7,9,8],[10,4,10,5],[10,7,10,8],[11,4,11,5],[11,7,11,8],[12,4,12,5],[12,7,12,8],[13,4,13,5],[13,7,13,8],[14,4,14,5],[14,7,14,8],[15,4,15,5],[15,7,15,8],[16,4,16,5],[16,7,16,8],[17,4,17,5],[17,7,17,8],[18,4,18,5],[18,7,18,8],[19,4,19,5],[19,7,19,8],[20,4,20,5],[20,7,20,8],[21,4,21,5],[21,7,21,8],[22,4,22,5],[22,7,22,8],[23,4,23,5],[23,7,23,8],[24,4,24,5],[24,7,24,8],[25,4,25,5],[25,7,25,8],[26,4,26,5],[26,7,26,8],[27,4,27,5],[27,7,27,8],[28,4,28,5],[28,7,28,8],[29,4,29,5],[29,7,29,8],[30,4,30,5],[30,7,30,8],[31,4,31,5],[31,7,31,8],[32,4,32,5],[32,7,32,8],[33,4,33,5],[33,7,33,8],[34,4,34,5],[34,7,34,8],[35,4,35,5],[35,7,35,8],[36,4,36,5],[36,7,36,8],[37,4,37,5],[37,7,37,8],[38,4,38,5],[38,7,38,8],[39,4,39,5],[39,7,39,8],[40,4,40,5],[40,7,40,8],[41,0,41,10],[42,0,42,4],[42,5,42,7],[42,8,42,10],[43,4,43,5],[43,7,43,8],[44,4,44,5],[44,7,44,8],[45,4,45,5],[45,7,45,8],[46,4,46,5],[46,7,46,8],[47,4,47,5],[47,7,47,8],[48,4,48,5],[48,7,48,8],[49,4,49,5],[49,7,49,8],[50,4,50,5],[50,7,50,8],[51,4,51,5],[51,7,51,8],[52,4,52,5],[52,7,52,8],[53,4,53,5],[53,7,53,8],[54,4,54,5],[54,7,54,8],[55,4,55,5],[55,7,55,8],[56,4,56,5],[56,7,56,8],[57,4,57,5],[57,7,57,8],[58,4,58,5],[58,7,58,8],[59,4,59,5],[59,7,59,8],[60,4,60,5],[60,7,60,8],[61,4,61,5],[61,7,61,8],[62,4,62,5],[62,7,62,8],[63,4,63,5],[63,7,63,8],[64,4,64,5],[64,7,64,8],[65,4,65,5],[65,7,65,8],[66,4,66,5],[66,7,66,8],[67,4,67,5],[67,7,67,8],[68,4,68,5],[68,7,68,8],[69,4,69,5],[69,7,69,8],[70,4,70,5],[70,7,70,8],[71,4,71,5],[71,7,71,8],[72,4,72,5],[72,7,72,8],[73,4,73,5],[73,7,73,8],[74,4,74,5],[74,7,74,8],[75,4,75,5],[75,7,75,8],[76,4,76,5],[76,7,76,8],[77,4,77,5],[77,7,77,8],[78,0,78,9]]}
["单位工程人材机价差表"]
["工程名称:鄂尔多斯影剧院消防改造工程",{"$nulls":7},"第1页 共2页"]
["序号","名称","规格型号","单位","数量",null,"预算价","市场价",null,"价差","价差合计"]
[1,"型钢(综合)",null,"kg",1050,null,2.7,6.715,null,4.015,4215.75]
[2,"钢筋","φ10以内","kg",24.66,null,2.7,5.74,null,3.04,74.97]
[3,"钢筋","φ10以内","kg",4.4388,null,2.7,5.74,null,3.04,13.49]
[4,"圆钢","φ10~14","kg",2.686,null,2.7,5.555,null,2.855,7.67]
[5,"镀锌扁钢综合",null,"kg",23.22,null,2.62,6.715,null,4.095,95.09]
[6,"镀锌扁钢综合",null,"kg",7.5596,null,2.62,6.715,null,4.095,30.96]
[7,"热轧薄钢板","δ1.6~1.9","kg",0.4,null,2.45,6.152,null,3.702,1.48]
[8,"热轧薄钢板","δ1.6~1.9","kg",0.8,null,2.45,6.152,null,3.702,2.96]
[9,"热轧厚钢板","δ8.0~15","kg",0.312,null,3.13,5.965,null,2.835,0.88]
[10,"热轧厚钢板","δ12~20","kg",69.0916,null,2.62,5.93,null,3.31,228.69]
[11,"热轧厚钢板","δ12~20","kg",9.4934,null,2.62,5.93,null,3.31,31.42]
[12,"镀铬钢板","δ2.5","m2",0.042,null,205.92,288.94,null,83.02,3.49]
[13,"水泥","32.5","t",0.3705,null,188.76,366,null,177.24,65.67]
[14,"水泥","32.5","t",0.02003,null,188.76,366,null,177.24,3.55]
[15,"水泥","P.O 42.5","kg",7.84,null,0.26,0.405,null,0.145,1.14]
[16,"砂子中粗砂",null,"m3",0.047736,null,48.5,64,null,15.5,0.74]
[17,"砂子","中粗砂","m3",0.765,null,48.5,64,null,15.5,11.86]
[18,"木板",null,"m3",0.018,null,1184.04,48,null,-1136.04,-20.45]
[19,"细木工板","δ15","m2",29.4,null,25.94,49,null,23.06,677.96]
[20,"地砖","800×800","m2",5.2,null,47.19,92,null,44.81,233.01]
[21,"钢质防火门",null,"m2",17.685,null,497.64,480,null,-17.64,-311.96]
[22,"汽油综合",null,"kg",11.69,null,6.86,9.337,null,2.477,28.96]
[23,"汽油综合",null,"kg",8.67,null,6.86,9.337,null,2.477,21.48]
[24,"汽油","70#~90#","kg",0.157,null,7.02,9.337,null,2.317,0.36]
[25,"汽油","100#","kg",1.23,null,7.02,9.337,null,2.317,2.85]
[26,"玻璃丝布",null,"m2",140,null,0.86,1.92,null,1.06,148.4]
[27,"焊接钢管","DN20","m",0.128,null,3.91,9.85,null,5.94,0.76]
[28,"焊接钢管","DN150","m",5.088,null,41.26,106.68,null,65.42,332.86]
[29,"镀锌钢管","DN20","m",2,null,6.24,12,null,5.76,11.52]
[30,"JDG管","20","m",1545,null,4.29,5.7,null,1.41,2178.45]
[31,"镀锌钢管","DN50","m",2,null,15.75,34.49,null,18.74,37.48]
[32,"JDG管","50","m",556.2,null,11.15,15.95,null,4.8,2669.76]
[33,"无缝钢管","D22×2","m",0.276,null,3.26,6.55,null,3.29,0.91]
[34,"无缝钢管","D22×2","m",0.268,null,3.26,6.55,null,3.29,0.88]
[35,"无缝钢管","D219×6","m",0.318,null,98.71,209.46,null,110.75,35.22]
[36,"法兰式软接头","DN150","个",4,null,143.29,201.3,null,58.01,232.04]
[37,"法兰式软接头","DN50","个",8,null,49.59,55.83,null,6.24,49.92]
[38,"铜芯塑料绝缘电线","BV-1.5mm2","m",4.072,null,1.01,1.57,null,0.56,2.28]
["单位工程人材机价差表"]
["工程名称:鄂尔多斯影剧院消防改造工程",{"$nulls":7},"第2页 共2页"]
["序号","名称","规格型号","单位","数量",null,"预算价","市场价",null,"价差","价差合计"]
[39,"铜芯塑料绝缘电线","BV-2.5mm2","m",0.916,null,1.51,2.59,null,1.08,0.99]
[40,"铜芯塑料绝缘软电线","BVR-4mm2","m",578.19,null,2.41,4.48,null,2.07,1196.85]
[41,"铜芯塑料绝缘软电线","BVR-6mm2","m",7.882,null,3.5,6.47,null,2.97,23.41]
[42,"阻燃铜芯绞线","$ZR-RVS2×1.5mm2","m",6.514,null,2.52,5.42,null,2.9,18.89]
[43,"电",null,"kw·h",54.4438,null,0.58,1.08,null,0.5,27.22]
[44,"水",null,"m3",112.72744,null,5.27,10.37,null,5.1,574.91]
[45,"柴油",null,"kg",38.912828,null,6.39,6.835,null,0.445,17.32]
[46,"柴油",null,"kg",53.01753,null,6.39,6.835,null,0.445,23.59]
[47,"电",null,"kw·h",680.813399,null,0.58,1.19,null,0.61,415.3]
[48,"电",null,"kw·h",275.989946,null,0.58,1.19,null,0.61,168.35]
{"$rows_empty":24}
["合计",{"$nulls":9},13589.33]